{"text_format":"3","workbook":"xlsx","n_sheets":2,"sheets":["Rekapitulácia stavby","20250907 - Viacúčelové ih..."],"not_rendered":{"defined_names":5},"read":"whole","date_system":"1900"}

{"sheet":"Rekapitulácia stavby","index":0,"n_rows":95,"n_cols":90,"rows_kept":95,"merged":[[1,43,1,56],[4,10,4,40],[4,56,33,56],[5,10,5,40],[13,4,13,35],[22,4,22,39],[25,36,25,40],[27,11,27,15],[27,22,27,30],[27,36,27,40],[28,11,28,15],[28,22,28,30],[28,36,28,40],[29,11,29,15],[29,22,29,30],[29,36,29,40],[30,11,30,15],[30,22,30,30],[30,36,30,40],[31,11,31,15],[31,22,31,30],[31,36,31,40],[32,11,32,15],[32,22,32,30],[32,36,32,40],[34,23,34,27],[34,36,34,40],[84,11,84,40],[86,38,86,39],[88,38,88,41],[88,44,90,45],[89,38,89,41],[91,2,91,6],[91,8,91,31],[91,32,91,38],[91,39,91,41],[93,32,93,38],[93,39,93,41],[94,3,94,7],[94,9,94,31],[94,32,94,38],[94,39,94,41]]}
["Export Komplet",{"$nulls":50},"","2.0","ZAMOK",{"$nulls":17},"False","False","{e87f7bad-f7fe-46f3-a3e1-e6e30a4fbc1d}"]
[{"$nulls":70},"0,01","23"]
[{"$nulls":70},"0,01","23"]
[{"$nulls":3},"REKAPITULÁCIA STAVBY",{"$nulls":40},"v ---  nižšie sa nachádzajú doplnkové a pomocné údaje k zostavám  --- v",{"$nulls":11},"Návod na vyplnenie",{"$nulls":13},"0,001"]
[{"$nulls":3},"Kód:",{"$nulls":6},"20250907",{"$nulls":45},"Meniť je možné iba bunky so žltým podfarbením!\r\n\r\n1) na prvom liste Rekapitulácie stavby vyplňte v zostave\r\n\r\n    a) Rekapitulácia stavby\r\n       - údaje o Zhotoviteľovi\r\n         (prenesú sa do ostatných zostáv aj v iných listoch)\r\n\r\n    b) Rekapitulácia objektov stavby\r\n       - potrebné Ostatné náklady\r\n\r\n2) na vybraných listoch vyplňte v zostave\r\n\r\n    a) Krycí list\r\n       - údaje o Zhotoviteľovi, pokiaľ sa líšia od údajov o Zhotoviteľovi na Rekapitulácii stavby\r\n         (údaje se prenesú do ostatných zostav v danom liste)\r\n\r\n    b) Rekapitulácia rozpočtu\r\n       - potrebné Ostatné náklady\r\n\r\n    c) Celkové náklady za stavbu\r\n       - ceny na položkách\r\n       - množstvo, pokiaľ má žlté podfarbenie\r\n       - a v prípade potreby poznámku (tá je v skrytom stĺpci)",{"$nulls":13},"0,01"]
[{"$nulls":3},"Stavba:",{"$nulls":6},"Viacúčelové ihrisko",{"$nulls":59},"0,01"]
[{"$nulls":3},"JKSO:",{"$nulls":6},"",{"$nulls":25},"ČS:",null,null,"",{"$nulls":30},"0,01"]
[{"$nulls":3},"Miesto:",{"$nulls":6},"Ladmovce",{"$nulls":25},"Dátum:",null,null,"26. 9. 2025",{"$nulls":30},"0,01"]
[{"$nulls":70},"0,01"]
[{"$nulls":3},"Objednávateľ:",{"$nulls":32},"IČO:",null,null,"",{"$nulls":30},"0,01"]
[{"$nulls":4},"Obec Ladmovce",{"$nulls":31},"IČ DPH:",null,null,"",{"$nulls":30},"0,01"]
[{"$nulls":70},"0,01"]
[{"$nulls":3},"Zhotoviteľ:",{"$nulls":32},"IČO:",null,null,"Vyplň údaj",{"$nulls":30},"0,01"]
[{"$nulls":4},"Vyplň údaj",{"$nulls":31},"IČ DPH:",null,null,"Vyplň údaj",{"$nulls":30},"0,01"]
[{"$nulls":70},"False"]
[{"$nulls":3},"Projektant:",{"$nulls":32},"IČO:",null,null,"",{"$nulls":30},"False"]
[{"$nulls":4},"Ing. Ladislav Timečko",{"$nulls":31},"IČ DPH:",null,null,"",{"$nulls":30},"True"]
[{"$nulls":70},"0,01"]
[{"$nulls":3},"Spracovateľ:",{"$nulls":32},"IČO:",null,null,"",{"$nulls":30},"0,01"]
[{"$nulls":4},"Ing. Juraj Danko",{"$nulls":31},"IČ DPH:",null,null,"",{"$nulls":30},"True"]
[]
[{"$nulls":3},"Poznámka:"]
[{"$nulls":4},""]
[]
[]
[{"$nulls":3},"Cena bez DPH",{"$nulls":32},{"$f":"ROUND(AG94,2)","v":{"v":0,"d":"0.00"}}]
[]
[{"$nulls":11},"Sadzba dane",{"$nulls":10},"Základ dane",{"$nulls":13},"Výška dane"]
[{"$nulls":3},"DPH",null,"základná",{"$nulls":5},{"v":0.23,"d":"23.00%"},{"$nulls":10},{"$f":"ROUND(AZ94, 2)","v":{"v":0,"d":"0.00"}},{"$nulls":13},{"$f":"ROUND(AV94, 2)","v":{"v":0,"d":"0.00"}}]
[{"$nulls":5},"znížená",{"$nulls":5},{"v":0.23,"d":"23.00%"},{"$nulls":10},{"$f":"ROUND(BA94, 2)","v":{"v":0,"d":"0.00"}},{"$nulls":13},{"$f":"ROUND(AW94, 2)","v":{"v":0,"d":"0.00"}}]
[{"$nulls":5},"zákl. prenesená",{"$nulls":5},{"v":0.23,"d":"23.00%"},{"$nulls":10},{"$f":"ROUND(BB94, 2)","v":{"v":0,"d":"0.00"}},{"$nulls":13},{"v":0,"d":"0.00"}]
[{"$nulls":5},"zníž. prenesená",{"$nulls":5},{"v":0.23,"d":"23.00%"},{"$nulls":10},{"$f":"ROUND(BC94, 2)","v":{"v":0,"d":"0.00"}},{"$nulls":13},{"v":0,"d":"0.00"}]
[{"$nulls":5},"nulová",{"$nulls":5},{"v":0,"d":"0.00%"},{"$nulls":10},{"$f":"ROUND(BD94, 2)","v":{"v":0,"d":"0.00"}},{"$nulls":13},{"v":0,"d":"0.00"}]
[]
[{"$nulls":3},"Cena s DPH",{"$nulls":15},"v",{"$nulls":3},"EUR",{"$nulls":12},{"$f":"SUM(AK26:AK33)","v":{"v":0,"d":"0.00"}}]
{"$rows_empty":13}
[{"$nulls":3},"Projektant",{"$nulls":29},"Spracovateľ"]
{"$rows_empty":10}
[{"$nulls":3},"Dátum a podpis:",{"$nulls":17},"Pečiatka",{"$nulls":11},"Dátum a podpis:",{"$nulls":4},"Pečiatka"]
[]
[]
[]
[{"$nulls":3},"Objednávateľ",{"$nulls":29},"Zhotoviteľ"]
{"$rows_empty":10}
[{"$nulls":3},"Dátum a podpis:",{"$nulls":17},"Pečiatka",{"$nulls":11},"Dátum a podpis:",{"$nulls":4},"Pečiatka"]
[]
[]
[]
[]
[]
[]
[null,null,"REKAPITULÁCIA OBJEKTOV STAVBY"]
[]
[null,null,"Kód:",{"$nulls":8},{"$f":"K5","v":"20250907"}]
[null,null,"Stavba:",{"$nulls":8},{"$f":"K6","v":"Viacúčelové ihrisko"}]
[]
[null,null,"Miesto:",{"$nulls":8},{"$f":"IF(K8=\"\",\"\",K8)","v":"Ladmovce"},{"$nulls":22},"Dátum:",{"$nulls":3},{"$f":"IF(AN8= \"\",\"\",AN8)","v":"26. 9. 2025"}]
[]
[null,null,"Objednávateľ:",{"$nulls":8},{"$f":"IF(E11= \"\",\"\",E11)","v":"Obec Ladmovce"},{"$nulls":22},"Projektant:",{"$nulls":3},{"$f":"IF(E17=\"\",\"\",E17)","v":"Ing. Ladislav Timečko"},{"$nulls":5},"Informatívne údaje z listov zákaziek"]
[null,null,"Zhotoviteľ:",{"$nulls":8},{"$f":"IF(E14= \"Vyplň údaj\",\"\",E14)","v":""},{"$nulls":22},"Spracovateľ:",{"$nulls":3},{"$f":"IF(E20=\"\",\"\",E20)","v":"Ing. Juraj Danko"}]
[]
[null,null,"Kód",{"$nulls":5},"Popis",{"$nulls":23},"Cena bez DPH [EUR]",{"$nulls":6},"Cena s DPH [EUR]",null,null,"Typ",null,"z toho Ostat.\r\nnáklady [EUR]","DPH [EUR]","Normohodiny [h]","DPH základná [EUR]","DPH znížená [EUR]","DPH základná prenesená\r\n[EUR]","DPH znížená prenesená\r\n[EUR]","Základňa\r\nDPH základná","Základňa\r\nDPH znížená","Základňa\r\nDPH zákl. prenesená","Základňa\r\nDPH zníž. prenesená","Základňa\r\nDPH nulová"]
[]
[null,null,"Náklady z rozpočtov",{"$nulls":29},{"$f":"ROUND(AG95,2)","v":{"v":0,"d":"0.00"}},{"$nulls":6},{"$f":"SUM(AG94,AT94)","v":{"v":0,"d":"0.00"}},null,null,"",null,{"$f":"ROUND(AS95,2)","v":{"v":0,"d":"0.00"}},{"$f":"ROUND(SUM(AV94:AW94),2)","v":{"v":0,"d":"0.00"}},{"$f":"ROUND(AU95,5)","v":{"v":0,"d":"0.00000"}},{"$f":"ROUND(AZ94*L29,2)","v":{"v":0,"d":"0.00"}},{"$f":"ROUND(BA94*L30,2)","v":{"v":0,"d":"0.00"}},{"$f":"ROUND(BB94*L29,2)","v":{"v":0,"d":"0.00"}},{"$f":"ROUND(BC94*L30,2)","v":{"v":0,"d":"0.00"}},{"$f":"ROUND(AZ95,2)","v":{"v":0,"d":"0.00"}},{"$f":"ROUND(BA95,2)","v":{"v":0,"d":"0.00"}},{"$f":"ROUND(BB95,2)","v":{"v":0,"d":"0.00"}},{"$f":"ROUND(BC95,2)","v":{"v":0,"d":"0.00"}},{"$f":"ROUND(BD95,2)","v":{"v":0,"d":"0.00"}},{"$nulls":14},"D","0",null,"IMPORT","{e87f7bad-f7fe-46f3-a3e1-e6e30a4fbc1d}","{00000000-0000-0000-0000-000000000000}",{"$nulls":13},""]
["/",null,null,"20250907",{"$nulls":5},"Viacúčelové ihrisko",{"$nulls":22},{"$f":"'20250907 - Viacúčelové ih...'!J28","v":{"v":0,"d":"0.00"}},{"$nulls":6},{"$f":"SUM(AG95,AT95)","v":{"v":0,"d":"0.00"}},null,null,"STA",null,{"v":0,"d":"0.00"},{"$f":"ROUND(SUM(AV95:AW95),2)","v":{"v":0,"d":"0.00"}},{"$f":"'20250907 - Viacúčelové ih...'!P121","v":{"v":0,"d":"0.00000"}},{"$f":"'20250907 - Viacúčelové ih...'!J31","v":{"v":0,"d":"0.00"}},{"$f":"'20250907 - Viacúčelové ih...'!J32","v":{"v":0,"d":"0.00"}},{"$f":"'20250907 - Viacúčelové ih...'!J33","v":{"v":0,"d":"0.00"}},{"$f":"'20250907 - Viacúčelové ih...'!J34","v":{"v":0,"d":"0.00"}},{"$f":"'20250907 - Viacúčelové ih...'!F31","v":{"v":0,"d":"0.00"}},{"$f":"'20250907 - Viacúčelové ih...'!F32","v":{"v":0,"d":"0.00"}},{"$f":"'20250907 - Viacúčelové ih...'!F33","v":{"v":0,"d":"0.00"}},{"$f":"'20250907 - Viacúčelové ih...'!F34","v":{"v":0,"d":"0.00"}},{"$f":"'20250907 - Viacúčelové ih...'!F35","v":{"v":0,"d":"0.00"}},{"$nulls":15},"1","###NOINSERT###","IMPORT","{e87f7bad-f7fe-46f3-a3e1-e6e30a4fbc1d}","{00000000-0000-0000-0000-000000000000}",{"$nulls":13},""]

{"sheet":"20250907 - Viacúčelové ih...","index":1,"n_rows":189,"n_cols":65,"rows_kept":189,"merged":[[1,11,1,21],[6,4,6,7],[15,4,15,7],[24,4,24,7],[84,4,84,7],[112,4,112,7]]}
[]
[{"$nulls":45},"{e87f7bad-f7fe-46f3-a3e1-e6e30a4fbc1d}"]
[{"$nulls":45},"0"]
[{"$nulls":3},"KRYCÍ LIST ROZPOČTU",{"$nulls":8},"v ---  nižšie sa nachádzajú doplnkové a pomocné údaje k zostavám  --- v",{"$nulls":32},"False"]
[]
[{"$nulls":3},"Stavba:"]
[{"$nulls":4},"Viacúčelové ihrisko"]
[]
[{"$nulls":3},"JKSO:",null,"",null,null,"ČS:",""]
[{"$nulls":3},"Miesto:",null,"Ladmovce",null,null,"Dátum:",{"$f":"'Rekapitulácia stavby'!AN8","v":"26. 9. 2025"}]
[]
[{"$nulls":3},"Objednávateľ:",{"$nulls":4},"IČO:",""]
[{"$nulls":4},"Obec Ladmovce",{"$nulls":3},"IČ DPH:",""]
[]
[{"$nulls":3},"Zhotoviteľ:",{"$nulls":4},"IČO:",{"$f":"'Rekapitulácia stavby'!AN13","v":"Vyplň údaj"}]
[{"$nulls":4},{"$f":"'Rekapitulácia stavby'!E14","v":"Vyplň údaj"},{"$nulls":3},"IČ DPH:",{"$f":"'Rekapitulácia stavby'!AN14","v":"Vyplň údaj"}]
[]
[{"$nulls":3},"Projektant:",{"$nulls":4},"IČO:",""]
[{"$nulls":4},"Ing. Ladislav Timečko",{"$nulls":3},"IČ DPH:",""]
[]
[{"$nulls":3},"Spracovateľ:",{"$nulls":4},"IČO:",""]
[{"$nulls":4},"Ing. Juraj Danko",{"$nulls":3},"IČ DPH:",""]
[]
[{"$nulls":3},"Poznámka:"]
[{"$nulls":4},""]
[]
[]
[{"$nulls":3},"Cena bez DPH",{"$nulls":5},{"$f":"ROUND(J121, 2)","v":{"v":0,"d":"0.00"}}]
[]
[{"$nulls":5},"Základ dane",null,null,"Sadzba dane","Výška dane"]
[{"$nulls":3},"DPH","základná",{"$f":"ROUND((SUM(BE121:BE189)),  2)","v":{"v":0,"d":"0.00"}},null,null,{"v":0.23,"d":"23.00%"},{"$f":"ROUND(((SUM(BE121:BE189))*I31),  2)","v":{"v":0,"d":"0.00"}}]
[{"$nulls":4},"znížená",{"$f":"ROUND((SUM(BF121:BF189)),  2)","v":{"v":0,"d":"0.00"}},null,null,{"v":0.23,"d":"23.00%"},{"$f":"ROUND(((SUM(BF121:BF189))*I32),  2)","v":{"v":0,"d":"0.00"}}]
[{"$nulls":4},"zákl. prenesená",{"$f":"ROUND((SUM(BG121:BG189)),  2)","v":{"v":0,"d":"0.00"}},null,null,{"v":0.23,"d":"23.00%"},{"$f":"0","v":{"v":0,"d":"0.00"}}]
[{"$nulls":4},"zníž. prenesená",{"$f":"ROUND((SUM(BH121:BH189)),  2)","v":{"v":0,"d":"0.00"}},null,null,{"v":0.23,"d":"23.00%"},{"$f":"0","v":{"v":0,"d":"0.00"}}]
[{"$nulls":4},"nulová",{"$f":"ROUND((SUM(BI121:BI189)),  2)","v":{"v":0,"d":"0.00"}},null,null,{"v":0,"d":"0.00%"},{"$f":"0","v":{"v":0,"d":"0.00"}}]
[]
[{"$nulls":3},"Cena s DPH",null,null,"v","EUR",null,{"$f":"SUM(J28:J35)","v":{"v":0,"d":"0.00"}}]
{"$rows_empty":12}
[{"$nulls":3},"Projektant",null,null,"Spracovateľ"]
{"$rows_empty":10}
[{"$nulls":3},"Dátum a podpis:",null,"Pečiatka","Dátum a podpis:",null,null,"Pečiatka"]
[]
[]
[]
[{"$nulls":3},"Objednávateľ",null,null,"Zhotoviteľ"]
{"$rows_empty":10}
[{"$nulls":3},"Dátum a podpis:",null,"Pečiatka","Dátum a podpis:",null,null,"Pečiatka"]
[]
[]
[]
[]
[]
[null,null,"REKAPITULÁCIA ROZPOČTU"]
[]
[null,null,"Stavba:"]
[{"$nulls":4},{"$f":"E7","v":"Viacúčelové ihrisko"}]
[]
[null,null,"Miesto:",null,null,{"$f":"F10","v":"Ladmovce"},null,null,"Dátum:",{"$f":"IF(J10=\"\",\"\",J10)","v":"26. 9. 2025"}]
[]
[null,null,"Objednávateľ:",null,null,{"$f":"E13","v":"Obec Ladmovce"},null,null,"Projektant:",{"$f":"E19","v":"Ing. Ladislav Timečko"}]
[null,null,"Zhotoviteľ:",null,null,{"$f":"IF(E16=\"\",\"\",E16)","v":"Vyplň údaj"},null,null,"Spracovateľ:",{"$f":"E22","v":"Ing. Juraj Danko"}]
[]
[null,null,"Kód dielu - Popis",{"$nulls":6},"Cena celkom [EUR]"]
[]
[null,null,"Náklady z rozpočtu",{"$nulls":6},{"$f":"J121","v":{"v":0,"d":"0.00"}},{"$nulls":36},"-1"]
[{"$nulls":3},"HSV - Práce a dodávky HSV",{"$nulls":5},{"$f":"J122","v":{"v":0,"d":"0.00"}}]
[{"$nulls":3},"    1 - Zemné práce",{"$nulls":5},{"$f":"J123","v":{"v":0,"d":"0.00"}}]
[{"$nulls":3},"    2 - Zakladanie",{"$nulls":5},{"$f":"J134","v":{"v":0,"d":"0.00"}}]
[{"$nulls":3},"    5 - Komunikácie",{"$nulls":5},{"$f":"J152","v":{"v":0,"d":"0.00"}}]
[{"$nulls":3},"    6 - Úpravy povrchov, podlahy, osadenie",{"$nulls":5},{"$f":"J157","v":{"v":0,"d":"0.00"}}]
[{"$nulls":3},"    9 - Ostatné konštrukcie a práce-búranie",{"$nulls":5},{"$f":"J159","v":{"v":0,"d":"0.00"}}]
[{"$nulls":3},"    99 - Presun hmôt HSV",{"$nulls":5},{"$f":"J162","v":{"v":0,"d":"0.00"}}]
[{"$nulls":3},"PSV - Práce a dodávky PSV",{"$nulls":5},{"$f":"J164","v":{"v":0,"d":"0.00"}}]
[{"$nulls":3},"    767 - Konštrukcie doplnkové kovové",{"$nulls":5},{"$f":"J165","v":{"v":0,"d":"0.00"}}]
[]
[]
[]
[]
[]
[]
[null,null,"ROZPOČET"]
[]
[null,null,"Stavba:"]
[{"$nulls":4},{"$f":"E7","v":"Viacúčelové ihrisko"}]
[]
[null,null,"Miesto:",null,null,{"$f":"F10","v":"Ladmovce"},null,null,"Dátum:",{"$f":"IF(J10=\"\",\"\",J10)","v":"26. 9. 2025"}]
[]
[null,null,"Objednávateľ:",null,null,{"$f":"E13","v":"Obec Ladmovce"},null,null,"Projektant:",{"$f":"E19","v":"Ing. Ladislav Timečko"}]
[null,null,"Zhotoviteľ:",null,null,{"$f":"IF(E16=\"\",\"\",E16)","v":"Vyplň údaj"},null,null,"Spracovateľ:",{"$f":"E22","v":"Ing. Juraj Danko"}]
[]
[null,null,"PČ","Typ","Kód","Popis","MJ","Množstvo","J.cena [EUR]","Cena celkom [EUR]","Cenová sústava",null,"","DPH","J. Nh [h]","Nh celkom [h]","J. hmotnosť [t]","Hmotnosť celkom [t]","J. suť [t]","Suť Celkom [t]"]
[null,null,"Náklady z rozpočtu",{"$nulls":6},{"$f":"BK121","v":{"v":0,"d":"0.00"}},{"$nulls":5},{"$f":"P122+P164","v":{"v":0,"d":"0.00000"}},null,{"$f":"R122+R164","v":{"v":465.69590072999995,"d":"465.69590"}},null,{"$f":"T122+T164","v":{"v":0,"d":"0.00000"}},{"$nulls":25},"D","-1",{"$nulls":15},{"$f":"BK122+BK164","v":{"v":0,"d":"0.00"}}]
[{"$nulls":3},"D","HSV","Práce a dodávky HSV",{"$nulls":3},{"$f":"BK122","v":{"v":0,"d":"0.00"}},{"$nulls":5},{"$f":"P123+P134+P152+P157+P159+P162","v":{"v":0,"d":"0.00000"}},null,{"$f":"R123+R134+R152+R157+R159+R162","v":{"v":464.90049645999994,"d":"464.90050"}},null,{"$f":"T123+T134+T152+T157+T159+T162","v":{"v":0,"d":"0.00000"}},{"$nulls":23},"1",null,"D","0",{"$nulls":3},"ROZPOCET",{"$nulls":11},{"$f":"BK123+BK134+BK152+BK157+BK159+BK162","v":{"v":0,"d":"0.00"}}]
[{"$nulls":3},"D","1","Zemné práce",{"$nulls":3},{"$f":"BK123","v":{"v":0,"d":"0.00"}},{"$nulls":5},{"$f":"SUM(P124:P133)","v":{"v":0,"d":"0.00000"}},null,{"$f":"SUM(R124:R133)","v":{"v":0,"d":"0.00000"}},null,{"$f":"SUM(T124:T133)","v":{"v":0,"d":"0.00000"}},{"$nulls":23},"1",null,"D","1",{"$nulls":3},"ROZPOCET",{"$nulls":11},{"$f":"SUM(BK124:BK133)","v":{"v":0,"d":"0.00"}}]
[null,null,"1","K","122201102.S","Odkopávka a prekopávka nezapažená v hornine 3, nad 100 do 1000 m3","m3",202.704,null,{"$f":"ROUND(I124*H124,2)","v":{"v":0,"d":"0.00"}},null,null,"","znížená",null,{"$f":"O124*H124","v":{"v":0,"d":"0.00000"}},{"v":0,"d":"0.00000"},{"$f":"Q124*H124","v":{"v":0,"d":"0.00000"}},{"v":0,"d":"0.00000"},{"$f":"S124*H124","v":{"v":0,"d":"0.00000"}},{"$nulls":23},"4",null,"K","2",{"$nulls":3},"ROZPOCET",{"$nulls":5},{"$f":"IF(N124=\"základná\",J124,0)","v":{"v":0,"d":"0.00"}},{"$f":"IF(N124=\"znížená\",J124,0)","v":{"v":0,"d":"0.00"}},{"$f":"IF(N124=\"zákl. prenesená\",J124,0)","v":{"v":0,"d":"0.00"}},{"$f":"IF(N124=\"zníž. prenesená\",J124,0)","v":{"v":0,"d":"0.00"}},{"$f":"IF(N124=\"nulová\",J124,0)","v":{"v":0,"d":"0.00"}},"2",{"$f":"ROUND(I124*H124,2)","v":{"v":0,"d":"0.00"}},"4","-1516587199"]
[null,null,"2","K","122201109.S","Odkopávky a prekopávky nezapažené. Príplatok k cenám za lepivosť horniny 3","m3",202.704,null,{"$f":"ROUND(I125*H125,2)","v":{"v":0,"d":"0.00"}},null,null,"","znížená",null,{"$f":"O125*H125","v":{"v":0,"d":"0.00000"}},{"v":0,"d":"0.00000"},{"$f":"Q125*H125","v":{"v":0,"d":"0.00000"}},{"v":0,"d":"0.00000"},{"$f":"S125*H125","v":{"v":0,"d":"0.00000"}},{"$nulls":23},"4",null,"K","2",{"$nulls":3},"ROZPOCET",{"$nulls":5},{"$f":"IF(N125=\"základná\",J125,0)","v":{"v":0,"d":"0.00"}},{"$f":"IF(N125=\"znížená\",J125,0)","v":{"v":0,"d":"0.00"}},{"$f":"IF(N125=\"zákl. prenesená\",J125,0)","v":{"v":0,"d":"0.00"}},{"$f":"IF(N125=\"zníž. prenesená\",J125,0)","v":{"v":0,"d":"0.00"}},{"$f":"IF(N125=\"nulová\",J125,0)","v":{"v":0,"d":"0.00"}},"2",{"$f":"ROUND(I125*H125,2)","v":{"v":0,"d":"0.00"}},"4","-1394707322"]
[null,null,"3","K","131201101.S","Výkop nezapaženej jamy v hornine 3, do 100 m3","m3",20.816,null,{"$f":"ROUND(I126*H126,2)","v":{"v":0,"d":"0.00"}},null,null,"","znížená",null,{"$f":"O126*H126","v":{"v":0,"d":"0.00000"}},{"v":0,"d":"0.00000"},{"$f":"Q126*H126","v":{"v":0,"d":"0.00000"}},{"v":0,"d":"0.00000"},{"$f":"S126*H126","v":{"v":0,"d":"0.00000"}},{"$nulls":23},"4",null,"K","2",{"$nulls":3},"ROZPOCET",{"$nulls":5},{"$f":"IF(N126=\"základná\",J126,0)","v":{"v":0,"d":"0.00"}},{"$f":"IF(N126=\"znížená\",J126,0)","v":{"v":0,"d":"0.00"}},{"$f":"IF(N126=\"zákl. prenesená\",J126,0)","v":{"v":0,"d":"0.00"}},{"$f":"IF(N126=\"zníž. prenesená\",J126,0)","v":{"v":0,"d":"0.00"}},{"$f":"IF(N126=\"nulová\",J126,0)","v":{"v":0,"d":"0.00"}},"2",{"$f":"ROUND(I126*H126,2)","v":{"v":0,"d":"0.00"}},"4","-698508006"]
[null,null,"4","K","131201109.S","Hĺbenie nezapažených jám a zárezov. Príplatok za lepivosť horniny 3","m3",20.816,null,{"$f":"ROUND(I127*H127,2)","v":{"v":0,"d":"0.00"}},null,null,"","znížená",null,{"$f":"O127*H127","v":{"v":0,"d":"0.00000"}},{"v":0,"d":"0.00000"},{"$f":"Q127*H127","v":{"v":0,"d":"0.00000"}},{"v":0,"d":"0.00000"},{"$f":"S127*H127","v":{"v":0,"d":"0.00000"}},{"$nulls":23},"4",null,"K","2",{"$nulls":3},"ROZPOCET",{"$nulls":5},{"$f":"IF(N127=\"základná\",J127,0)","v":{"v":0,"d":"0.00"}},{"$f":"IF(N127=\"znížená\",J127,0)","v":{"v":0,"d":"0.00"}},{"$f":"IF(N127=\"zákl. prenesená\",J127,0)","v":{"v":0,"d":"0.00"}},{"$f":"IF(N127=\"zníž. prenesená\",J127,0)","v":{"v":0,"d":"0.00"}},{"$f":"IF(N127=\"nulová\",J127,0)","v":{"v":0,"d":"0.00"}},"2",{"$f":"ROUND(I127*H127,2)","v":{"v":0,"d":"0.00"}},"4","-172512973"]
[null,null,"5","K","132201101.S","Výkop ryhy do šírky 600 mm v horn.3 do 100 m3","m3",{"v":15.99,"d":"15.990"},null,{"$f":"ROUND(I128*H128,2)","v":{"v":0,"d":"0.00"}},null,null,"","znížená",null,{"$f":"O128*H128","v":{"v":0,"d":"0.00000"}},{"v":0,"d":"0.00000"},{"$f":"Q128*H128","v":{"v":0,"d":"0.00000"}},{"v":0,"d":"0.00000"},{"$f":"S128*H128","v":{"v":0,"d":"0.00000"}},{"$nulls":23},"4",null,"K","2",{"$nulls":3},"ROZPOCET",{"$nulls":5},{"$f":"IF(N128=\"základná\",J128,0)","v":{"v":0,"d":"0.00"}},{"$f":"IF(N128=\"znížená\",J128,0)","v":{"v":0,"d":"0.00"}},{"$f":"IF(N128=\"zákl. prenesená\",J128,0)","v":{"v":0,"d":"0.00"}},{"$f":"IF(N128=\"zníž. prenesená\",J128,0)","v":{"v":0,"d":"0.00"}},{"$f":"IF(N128=\"nulová\",J128,0)","v":{"v":0,"d":"0.00"}},"2",{"$f":"ROUND(I128*H128,2)","v":{"v":0,"d":"0.00"}},"4","536307427"]
[null,null,"6","K","132201109.S","Príplatok k cene za lepivosť pri hĺbení rýh šírky do 600 mm zapažených i nezapažených s urovnaním dna v hornine 3","m3",{"v":15.99,"d":"15.990"},null,{"$f":"ROUND(I129*H129,2)","v":{"v":0,"d":"0.00"}},null,null,"","znížená",null,{"$f":"O129*H129","v":{"v":0,"d":"0.00000"}},{"v":0,"d":"0.00000"},{"$f":"Q129*H129","v":{"v":0,"d":"0.00000"}},{"v":0,"d":"0.00000"},{"$f":"S129*H129","v":{"v":0,"d":"0.00000"}},{"$nulls":23},"4",null,"K","2",{"$nulls":3},"ROZPOCET",{"$nulls":5},{"$f":"IF(N129=\"základná\",J129,0)","v":{"v":0,"d":"0.00"}},{"$f":"IF(N129=\"znížená\",J129,0)","v":{"v":0,"d":"0.00"}},{"$f":"IF(N129=\"zákl. prenesená\",J129,0)","v":{"v":0,"d":"0.00"}},{"$f":"IF(N129=\"zníž. prenesená\",J129,0)","v":{"v":0,"d":"0.00"}},{"$f":"IF(N129=\"nulová\",J129,0)","v":{"v":0,"d":"0.00"}},"2",{"$f":"ROUND(I129*H129,2)","v":{"v":0,"d":"0.00"}},"4","1881765976"]
[null,null,"7","K","132211101.S","Hĺbenie rýh šírky do 600 mm v  hornine tr.3 súdržných - ručným náradím","m3",6.135,null,{"$f":"ROUND(I130*H130,2)","v":{"v":0,"d":"0.00"}},null,null,"","znížená",null,{"$f":"O130*H130","v":{"v":0,"d":"0.00000"}},{"v":0,"d":"0.00000"},{"$f":"Q130*H130","v":{"v":0,"d":"0.00000"}},{"v":0,"d":"0.00000"},{"$f":"S130*H130","v":{"v":0,"d":"0.00000"}},{"$nulls":23},"4",null,"K","2",{"$nulls":3},"ROZPOCET",{"$nulls":5},{"$f":"IF(N130=\"základná\",J130,0)","v":{"v":0,"d":"0.00"}},{"$f":"IF(N130=\"znížená\",J130,0)","v":{"v":0,"d":"0.00"}},{"$f":"IF(N130=\"zákl. prenesená\",J130,0)","v":{"v":0,"d":"0.00"}},{"$f":"IF(N130=\"zníž. prenesená\",J130,0)","v":{"v":0,"d":"0.00"}},{"$f":"IF(N130=\"nulová\",J130,0)","v":{"v":0,"d":"0.00"}},"2",{"$f":"ROUND(I130*H130,2)","v":{"v":0,"d":"0.00"}},"4","-423611761"]
[null,null,"8","K","132211119.S","Príplatok za lepivosť pri hĺbení rýh š do 600 mm ručným náradím v hornine tr. 3","m3",6.135,null,{"$f":"ROUND(I131*H131,2)","v":{"v":0,"d":"0.00"}},null,null,"","znížená",null,{"$f":"O131*H131","v":{"v":0,"d":"0.00000"}},{"v":0,"d":"0.00000"},{"$f":"Q131*H131","v":{"v":0,"d":"0.00000"}},{"v":0,"d":"0.00000"},{"$f":"S131*H131","v":{"v":0,"d":"0.00000"}},{"$nulls":23},"4",null,"K","2",{"$nulls":3},"ROZPOCET",{"$nulls":5},{"$f":"IF(N131=\"základná\",J131,0)","v":{"v":0,"d":"0.00"}},{"$f":"IF(N131=\"znížená\",J131,0)","v":{"v":0,"d":"0.00"}},{"$f":"IF(N131=\"zákl. prenesená\",J131,0)","v":{"v":0,"d":"0.00"}},{"$f":"IF(N131=\"zníž. prenesená\",J131,0)","v":{"v":0,"d":"0.00"}},{"$f":"IF(N131=\"nulová\",J131,0)","v":{"v":0,"d":"0.00"}},"2",{"$f":"ROUND(I131*H131,2)","v":{"v":0,"d":"0.00"}},"4","1369672845"]
[null,null,"9","K","174101001.S","Zásyp sypaninou so zhutnením jám, šachiet, rýh, zárezov alebo okolo objektov do 100 m3","m3",{"v":16.95,"d":"16.950"},null,{"$f":"ROUND(I132*H132,2)","v":{"v":0,"d":"0.00"}},null,null,"","znížená",null,{"$f":"O132*H132","v":{"v":0,"d":"0.00000"}},{"v":0,"d":"0.00000"},{"$f":"Q132*H132","v":{"v":0,"d":"0.00000"}},{"v":0,"d":"0.00000"},{"$f":"S132*H132","v":{"v":0,"d":"0.00000"}},{"$nulls":23},"4",null,"K","2",{"$nulls":3},"ROZPOCET",{"$nulls":5},{"$f":"IF(N132=\"základná\",J132,0)","v":{"v":0,"d":"0.00"}},{"$f":"IF(N132=\"znížená\",J132,0)","v":{"v":0,"d":"0.00"}},{"$f":"IF(N132=\"zákl. prenesená\",J132,0)","v":{"v":0,"d":"0.00"}},{"$f":"IF(N132=\"zníž. prenesená\",J132,0)","v":{"v":0,"d":"0.00"}},{"$f":"IF(N132=\"nulová\",J132,0)","v":{"v":0,"d":"0.00"}},"2",{"$f":"ROUND(I132*H132,2)","v":{"v":0,"d":"0.00"}},"4","-1710965814"]
[null,null,"10","K","175101201.S","Obsyp objektov sypaninou z vhodných hornín 1 až 4 bez prehodenia sypaniny","m3",{"v":11.1,"d":"11.100"},null,{"$f":"ROUND(I133*H133,2)","v":{"v":0,"d":"0.00"}},null,null,"","znížená",null,{"$f":"O133*H133","v":{"v":0,"d":"0.00000"}},{"v":0,"d":"0.00000"},{"$f":"Q133*H133","v":{"v":0,"d":"0.00000"}},{"v":0,"d":"0.00000"},{"$f":"S133*H133","v":{"v":0,"d":"0.00000"}},{"$nulls":23},"4",null,"K","2",{"$nulls":3},"ROZPOCET",{"$nulls":5},{"$f":"IF(N133=\"základná\",J133,0)","v":{"v":0,"d":"0.00"}},{"$f":"IF(N133=\"znížená\",J133,0)","v":{"v":0,"d":"0.00"}},{"$f":"IF(N133=\"zákl. prenesená\",J133,0)","v":{"v":0,"d":"0.00"}},{"$f":"IF(N133=\"zníž. prenesená\",J133,0)","v":{"v":0,"d":"0.00"}},{"$f":"IF(N133=\"nulová\",J133,0)","v":{"v":0,"d":"0.00"}},"2",{"$f":"ROUND(I133*H133,2)","v":{"v":0,"d":"0.00"}},"4","1382801731"]
[{"$nulls":3},"D","2","Zakladanie",{"$nulls":3},{"$f":"BK134","v":{"v":0,"d":"0.00"}},{"$nulls":5},{"$f":"SUM(P135:P151)","v":{"v":0,"d":"0.00000"}},null,{"$f":"SUM(R135:R151)","v":{"v":89.89760885999998,"d":"89.89761"}},null,{"$f":"SUM(T135:T151)","v":{"v":0,"d":"0.00000"}},{"$nulls":23},"1",null,"D","1",{"$nulls":3},"ROZPOCET",{"$nulls":11},{"$f":"SUM(BK135:BK151)","v":{"v":0,"d":"0.00"}}]
[null,null,"11","K","211521131.S","Výplň odvodňovacieho rebra alebo trativodu do rýh kamenivom hrubým drveným frakcie 32-63 mm","m3",{"v":3.84,"d":"3.840"},null,{"$f":"ROUND(I135*H135,2)","v":{"v":0,"d":"0.00"}},null,null,"","znížená",null,{"$f":"O135*H135","v":{"v":0,"d":"0.00000"}},{"v":1.63,"d":"1.63000"},{"$f":"Q135*H135","v":{"v":6.259199999999999,"d":"6.25920"}},{"v":0,"d":"0.00000"},{"$f":"S135*H135","v":{"v":0,"d":"0.00000"}},{"$nulls":23},"4",null,"K","2",{"$nulls":3},"ROZPOCET",{"$nulls":5},{"$f":"IF(N135=\"základná\",J135,0)","v":{"v":0,"d":"0.00"}},{"$f":"IF(N135=\"znížená\",J135,0)","v":{"v":0,"d":"0.00"}},{"$f":"IF(N135=\"zákl. prenesená\",J135,0)","v":{"v":0,"d":"0.00"}},{"$f":"IF(N135=\"zníž. prenesená\",J135,0)","v":{"v":0,"d":"0.00"}},{"$f":"IF(N135=\"nulová\",J135,0)","v":{"v":0,"d":"0.00"}},"2",{"$f":"ROUND(I135*H135,2)","v":{"v":0,"d":"0.00"}},"4","-1376116013"]
[null,null,"12","K","211971110.S","Zhotovenie opláštenia výplne z geotextílie, v ryhe alebo v záreze so stenami šikmými o skl. do 1:2,5","m2",{"v":148.2,"d":"148.200"},null,{"$f":"ROUND(I136*H136,2)","v":{"v":0,"d":"0.00"}},null,null,"","znížená",null,{"$f":"O136*H136","v":{"v":0,"d":"0.00000"}},{"v":0.0001829,"d":"0.00018"},{"$f":"Q136*H136","v":{"v":0.02710578,"d":"0.02711"}},{"v":0,"d":"0.00000"},{"$f":"S136*H136","v":{"v":0,"d":"0.00000"}},{"$nulls":23},"4",null,"K","2",{"$nulls":3},"ROZPOCET",{"$nulls":5},{"$f":"IF(N136=\"základná\",J136,0)","v":{"v":0,"d":"0.00"}},{"$f":"IF(N136=\"znížená\",J136,0)","v":{"v":0,"d":"0.00"}},{"$f":"IF(N136=\"zákl. prenesená\",J136,0)","v":{"v":0,"d":"0.00"}},{"$f":"IF(N136=\"zníž. prenesená\",J136,0)","v":{"v":0,"d":"0.00"}},{"$f":"IF(N136=\"nulová\",J136,0)","v":{"v":0,"d":"0.00"}},"2",{"$f":"ROUND(I136*H136,2)","v":{"v":0,"d":"0.00"}},"4","153779749"]
[null,null,"13","M","693110002000.S","Geotextília polypropylénová netkaná 200 g/m2","m2",151.164,null,{"$f":"ROUND(I137*H137,2)","v":{"v":0,"d":"0.00"}},null,null,"","znížená",null,{"$f":"O137*H137","v":{"v":0,"d":"0.00000"}},{"v":0.0002,"d":"0.00020"},{"$f":"Q137*H137","v":{"v":0.030232799999999997,"d":"0.03023"}},{"v":0,"d":"0.00000"},{"$f":"S137*H137","v":{"v":0,"d":"0.00000"}},{"$nulls":23},"8",null,"M","2",{"$nulls":3},"ROZPOCET",{"$nulls":5},{"$f":"IF(N137=\"základná\",J137,0)","v":{"v":0,"d":"0.00"}},{"$f":"IF(N137=\"znížená\",J137,0)","v":{"v":0,"d":"0.00"}},{"$f":"IF(N137=\"zákl. prenesená\",J137,0)","v":{"v":0,"d":"0.00"}},{"$f":"IF(N137=\"zníž. prenesená\",J137,0)","v":{"v":0,"d":"0.00"}},{"$f":"IF(N137=\"nulová\",J137,0)","v":{"v":0,"d":"0.00"}},"2",{"$f":"ROUND(I137*H137,2)","v":{"v":0,"d":"0.00"}},"4","603386868"]
[null,null,"14","K","212532111.S","Lôžko pre trativod z kameniva hrubého drveného frakcie 16-32 mm","m3",5.928,null,{"$f":"ROUND(I138*H138,2)","v":{"v":0,"d":"0.00"}},null,null,"","znížená",null,{"$f":"O138*H138","v":{"v":0,"d":"0.00000"}},{"v":1.63,"d":"1.63000"},{"$f":"Q138*H138","v":9.66264},{"v":0,"d":"0.00000"},{"$f":"S138*H138","v":{"v":0,"d":"0.00000"}},{"$nulls":23},"4",null,"K","2",{"$nulls":3},"ROZPOCET",{"$nulls":5},{"$f":"IF(N138=\"základná\",J138,0)","v":{"v":0,"d":"0.00"}},{"$f":"IF(N138=\"znížená\",J138,0)","v":{"v":0,"d":"0.00"}},{"$f":"IF(N138=\"zákl. prenesená\",J138,0)","v":{"v":0,"d":"0.00"}},{"$f":"IF(N138=\"zníž. prenesená\",J138,0)","v":{"v":0,"d":"0.00"}},{"$f":"IF(N138=\"nulová\",J138,0)","v":{"v":0,"d":"0.00"}},"2",{"$f":"ROUND(I138*H138,2)","v":{"v":0,"d":"0.00"}},"4","1701413253"]
[null,null,"15","K","212756101.S","Trativody z flexodrenážnych rúr, DN 65","m",{"v":115,"d":"115.000"},null,{"$f":"ROUND(I139*H139,2)","v":{"v":0,"d":"0.00"}},null,null,"","znížená",null,{"$f":"O139*H139","v":{"v":0,"d":"0.00000"}},0.00021,{"$f":"Q139*H139","v":0.02415},{"v":0,"d":"0.00000"},{"$f":"S139*H139","v":{"v":0,"d":"0.00000"}},{"$nulls":23},"4",null,"K","2",{"$nulls":3},"ROZPOCET",{"$nulls":5},{"$f":"IF(N139=\"základná\",J139,0)","v":{"v":0,"d":"0.00"}},{"$f":"IF(N139=\"znížená\",J139,0)","v":{"v":0,"d":"0.00"}},{"$f":"IF(N139=\"zákl. prenesená\",J139,0)","v":{"v":0,"d":"0.00"}},{"$f":"IF(N139=\"zníž. prenesená\",J139,0)","v":{"v":0,"d":"0.00"}},{"$f":"IF(N139=\"nulová\",J139,0)","v":{"v":0,"d":"0.00"}},"2",{"$f":"ROUND(I139*H139,2)","v":{"v":0,"d":"0.00"}},"4","605198526"]
[null,null,"16","K","212756111.S","Trativody z flexodrenážnych rúr, DN 100","m",{"v":34,"d":"34.000"},null,{"$f":"ROUND(I140*H140,2)","v":{"v":0,"d":"0.00"}},null,null,"","znížená",null,{"$f":"O140*H140","v":{"v":0,"d":"0.00000"}},{"v":0.000441,"d":"0.00044"},{"$f":"Q140*H140","v":{"v":0.014994,"d":"0.01499"}},{"v":0,"d":"0.00000"},{"$f":"S140*H140","v":{"v":0,"d":"0.00000"}},{"$nulls":23},"4",null,"K","2",{"$nulls":3},"ROZPOCET",{"$nulls":5},{"$f":"IF(N140=\"základná\",J140,0)","v":{"v":0,"d":"0.00"}},{"$f":"IF(N140=\"znížená\",J140,0)","v":{"v":0,"d":"0.00"}},{"$f":"IF(N140=\"zákl. prenesená\",J140,0)","v":{"v":0,"d":"0.00"}},{"$f":"IF(N140=\"zníž. prenesená\",J140,0)","v":{"v":0,"d":"0.00"}},{"$f":"IF(N140=\"nulová\",J140,0)","v":{"v":0,"d":"0.00"}},"2",{"$f":"ROUND(I140*H140,2)","v":{"v":0,"d":"0.00"}},"4","1114293060"]
[null,null,"17","K","215901101.S","Zhutnenie podložia z rastlej horniny 1 až 4 pod násypy, z hornina súdržných do 92 % PS a nesúdržných","m2",{"v":583.68,"d":"583.680"},null,{"$f":"ROUND(I141*H141,2)","v":{"v":0,"d":"0.00"}},null,null,"","znížená",null,{"$f":"O141*H141","v":{"v":0,"d":"0.00000"}},{"v":0,"d":"0.00000"},{"$f":"Q141*H141","v":{"v":0,"d":"0.00000"}},{"v":0,"d":"0.00000"},{"$f":"S141*H141","v":{"v":0,"d":"0.00000"}},{"$nulls":23},"4",null,"K","2",{"$nulls":3},"ROZPOCET",{"$nulls":5},{"$f":"IF(N141=\"základná\",J141,0)","v":{"v":0,"d":"0.00"}},{"$f":"IF(N141=\"znížená\",J141,0)","v":{"v":0,"d":"0.00"}},{"$f":"IF(N141=\"zákl. prenesená\",J141,0)","v":{"v":0,"d":"0.00"}},{"$f":"IF(N141=\"zníž. prenesená\",J141,0)","v":{"v":0,"d":"0.00"}},{"$f":"IF(N141=\"nulová\",J141,0)","v":{"v":0,"d":"0.00"}},"2",{"$f":"ROUND(I141*H141,2)","v":{"v":0,"d":"0.00"}},"4","682669017"]
[null,null,"18","K","271533021.S","Násyp pod základové konštrukcie so zhutnením z  kameniva hrubého drveného fr. 8 - 16 mm","m3",{"v":4.45,"d":"4.450"},null,{"$f":"ROUND(I142*H142,2)","v":{"v":0,"d":"0.00"}},null,null,"","znížená",null,{"$f":"O142*H142","v":{"v":0,"d":"0.00000"}},{"v":2.07,"d":"2.07000"},{"$f":"Q142*H142","v":{"v":9.2115,"d":"9.21150"}},{"v":0,"d":"0.00000"},{"$f":"S142*H142","v":{"v":0,"d":"0.00000"}},{"$nulls":23},"4",null,"K","2",{"$nulls":3},"ROZPOCET",{"$nulls":5},{"$f":"IF(N142=\"základná\",J142,0)","v":{"v":0,"d":"0.00"}},{"$f":"IF(N142=\"znížená\",J142,0)","v":{"v":0,"d":"0.00"}},{"$f":"IF(N142=\"zákl. prenesená\",J142,0)","v":{"v":0,"d":"0.00"}},{"$f":"IF(N142=\"zníž. prenesená\",J142,0)","v":{"v":0,"d":"0.00"}},{"$f":"IF(N142=\"nulová\",J142,0)","v":{"v":0,"d":"0.00"}},"2",{"$f":"ROUND(I142*H142,2)","v":{"v":0,"d":"0.00"}},"4","1749708750"]
[null,null,"19","K","273361921.S","Výstuž základových dosiek zo zváraných sietí","t",{"v":0.15,"d":"0.150"},null,{"$f":"ROUND(I143*H143,2)","v":{"v":0,"d":"0.00"}},null,null,"","znížená",null,{"$f":"O143*H143","v":{"v":0,"d":"0.00000"}},{"v":1.05305867,"d":"1.05306"},{"$f":"Q143*H143","v":{"v":0.1579588005,"d":"0.15796"}},{"v":0,"d":"0.00000"},{"$f":"S143*H143","v":{"v":0,"d":"0.00000"}},{"$nulls":23},"4",null,"K","2",{"$nulls":3},"ROZPOCET",{"$nulls":5},{"$f":"IF(N143=\"základná\",J143,0)","v":{"v":0,"d":"0.00"}},{"$f":"IF(N143=\"znížená\",J143,0)","v":{"v":0,"d":"0.00"}},{"$f":"IF(N143=\"zákl. prenesená\",J143,0)","v":{"v":0,"d":"0.00"}},{"$f":"IF(N143=\"zníž. prenesená\",J143,0)","v":{"v":0,"d":"0.00"}},{"$f":"IF(N143=\"nulová\",J143,0)","v":{"v":0,"d":"0.00"}},"2",{"$f":"ROUND(I143*H143,2)","v":{"v":0,"d":"0.00"}},"4","-2133642166"]
[null,null,"20","K","274271141.S","Murivo základových pásov (m3) z betónových debniacich tvárnic s betónovou výplňou C 20/25 hrúbky 300 mm","m3",23.985,null,{"$f":"ROUND(I144*H144,2)","v":{"v":0,"d":"0.00"}},null,null,"","znížená",null,{"$f":"O144*H144","v":{"v":0,"d":"0.00000"}},{"v":2.12614414,"d":"2.12614"},{"$f":"Q144*H144","v":{"v":50.9955671979,"d":"50.99557"}},{"v":0,"d":"0.00000"},{"$f":"S144*H144","v":{"v":0,"d":"0.00000"}},{"$nulls":23},"4",null,"K","2",{"$nulls":3},"ROZPOCET",{"$nulls":5},{"$f":"IF(N144=\"základná\",J144,0)","v":{"v":0,"d":"0.00"}},{"$f":"IF(N144=\"znížená\",J144,0)","v":{"v":0,"d":"0.00"}},{"$f":"IF(N144=\"zákl. prenesená\",J144,0)","v":{"v":0,"d":"0.00"}},{"$f":"IF(N144=\"zníž. prenesená\",J144,0)","v":{"v":0,"d":"0.00"}},{"$f":"IF(N144=\"nulová\",J144,0)","v":{"v":0,"d":"0.00"}},"2",{"$f":"ROUND(I144*H144,2)","v":{"v":0,"d":"0.00"}},"4","1555003039"]
[null,null,"21","K","274361825.S","Výstuž pre murivo základových pásov z betónových debniacich tvárnic s betónovou výplňou z ocele B500 (10505)","t",0.256,null,{"$f":"ROUND(I145*H145,2)","v":{"v":0,"d":"0.00"}},null,null,"","znížená",null,{"$f":"O145*H145","v":{"v":0,"d":"0.00000"}},{"v":1.002,"d":"1.00200"},{"$f":"Q145*H145","v":{"v":0.256512,"d":"0.25651"}},{"v":0,"d":"0.00000"},{"$f":"S145*H145","v":{"v":0,"d":"0.00000"}},{"$nulls":23},"4",null,"K","2",{"$nulls":3},"ROZPOCET",{"$nulls":5},{"$f":"IF(N145=\"základná\",J145,0)","v":{"v":0,"d":"0.00"}},{"$f":"IF(N145=\"znížená\",J145,0)","v":{"v":0,"d":"0.00"}},{"$f":"IF(N145=\"zákl. prenesená\",J145,0)","v":{"v":0,"d":"0.00"}},{"$f":"IF(N145=\"zníž. prenesená\",J145,0)","v":{"v":0,"d":"0.00"}},{"$f":"IF(N145=\"nulová\",J145,0)","v":{"v":0,"d":"0.00"}},"2",{"$f":"ROUND(I145*H145,2)","v":{"v":0,"d":"0.00"}},"4","1828887309"]
[null,null,"22","K","275313612.S","Betón základových pätiek, prostý tr. C 20/25","m3",3.651,null,{"$f":"ROUND(I146*H146,2)","v":{"v":0,"d":"0.00"}},null,null,"","znížená",null,{"$f":"O146*H146","v":{"v":0,"d":"0.00000"}},{"v":2.259,"d":"2.25900"},{"$f":"Q146*H146","v":{"v":8.247608999999999,"d":"8.24761"}},{"v":0,"d":"0.00000"},{"$f":"S146*H146","v":{"v":0,"d":"0.00000"}},{"$nulls":23},"4",null,"K","2",{"$nulls":3},"ROZPOCET",{"$nulls":5},{"$f":"IF(N146=\"základná\",J146,0)","v":{"v":0,"d":"0.00"}},{"$f":"IF(N146=\"znížená\",J146,0)","v":{"v":0,"d":"0.00"}},{"$f":"IF(N146=\"zákl. prenesená\",J146,0)","v":{"v":0,"d":"0.00"}},{"$f":"IF(N146=\"zníž. prenesená\",J146,0)","v":{"v":0,"d":"0.00"}},{"$f":"IF(N146=\"nulová\",J146,0)","v":{"v":0,"d":"0.00"}},"2",{"$f":"ROUND(I146*H146,2)","v":{"v":0,"d":"0.00"}},"4","-1082224423"]
[null,null,"23","K","275351217.S","Debnenie stien základových pätiek, zhotovenie-tradičné","m2",{"v":4.76,"d":"4.760"},null,{"$f":"ROUND(I147*H147,2)","v":{"v":0,"d":"0.00"}},null,null,"","znížená",null,{"$f":"O147*H147","v":{"v":0,"d":"0.00000"}},{"v":0.00376776,"d":"0.00377"},{"$f":"Q147*H147","v":{"v":0.0179345376,"d":"0.01793"}},{"v":0,"d":"0.00000"},{"$f":"S147*H147","v":{"v":0,"d":"0.00000"}},{"$nulls":23},"4",null,"K","2",{"$nulls":3},"ROZPOCET",{"$nulls":5},{"$f":"IF(N147=\"základná\",J147,0)","v":{"v":0,"d":"0.00"}},{"$f":"IF(N147=\"znížená\",J147,0)","v":{"v":0,"d":"0.00"}},{"$f":"IF(N147=\"zákl. prenesená\",J147,0)","v":{"v":0,"d":"0.00"}},{"$f":"IF(N147=\"zníž. prenesená\",J147,0)","v":{"v":0,"d":"0.00"}},{"$f":"IF(N147=\"nulová\",J147,0)","v":{"v":0,"d":"0.00"}},"2",{"$f":"ROUND(I147*H147,2)","v":{"v":0,"d":"0.00"}},"4","459019830"]
[null,null,"24","K","275351218.S","Debnenie stien základových pätiek, odstránenie-tradičné","m2",{"v":4.76,"d":"4.760"},null,{"$f":"ROUND(I148*H148,2)","v":{"v":0,"d":"0.00"}},null,null,"","znížená",null,{"$f":"O148*H148","v":{"v":0,"d":"0.00000"}},{"v":0,"d":"0.00000"},{"$f":"Q148*H148","v":{"v":0,"d":"0.00000"}},{"v":0,"d":"0.00000"},{"$f":"S148*H148","v":{"v":0,"d":"0.00000"}},{"$nulls":23},"4",null,"K","2",{"$nulls":3},"ROZPOCET",{"$nulls":5},{"$f":"IF(N148=\"základná\",J148,0)","v":{"v":0,"d":"0.00"}},{"$f":"IF(N148=\"znížená\",J148,0)","v":{"v":0,"d":"0.00"}},{"$f":"IF(N148=\"zákl. prenesená\",J148,0)","v":{"v":0,"d":"0.00"}},{"$f":"IF(N148=\"zníž. prenesená\",J148,0)","v":{"v":0,"d":"0.00"}},{"$f":"IF(N148=\"nulová\",J148,0)","v":{"v":0,"d":"0.00"}},"2",{"$f":"ROUND(I148*H148,2)","v":{"v":0,"d":"0.00"}},"4","-44666631"]
[null,null,"25","K","279321312.S","Betón základových múrov, železový (bez výstuže), tr. C 20/25","m3",{"v":2.16,"d":"2.160"},null,{"$f":"ROUND(I149*H149,2)","v":{"v":0,"d":"0.00"}},null,null,"","znížená",null,{"$f":"O149*H149","v":{"v":0,"d":"0.00000"}},{"v":2.2589982,"d":"2.25900"},{"$f":"Q149*H149","v":{"v":4.8794361120000005,"d":"4.87944"}},{"v":0,"d":"0.00000"},{"$f":"S149*H149","v":{"v":0,"d":"0.00000"}},{"$nulls":23},"4",null,"K","2",{"$nulls":3},"ROZPOCET",{"$nulls":5},{"$f":"IF(N149=\"základná\",J149,0)","v":{"v":0,"d":"0.00"}},{"$f":"IF(N149=\"znížená\",J149,0)","v":{"v":0,"d":"0.00"}},{"$f":"IF(N149=\"zákl. prenesená\",J149,0)","v":{"v":0,"d":"0.00"}},{"$f":"IF(N149=\"zníž. prenesená\",J149,0)","v":{"v":0,"d":"0.00"}},{"$f":"IF(N149=\"nulová\",J149,0)","v":{"v":0,"d":"0.00"}},"2",{"$f":"ROUND(I149*H149,2)","v":{"v":0,"d":"0.00"}},"4","-1902900667"]
[null,null,"26","K","279351107.S","Debnenie základových múrov obojstranné zhotovenie-tradičné","m2",{"v":21.6,"d":"21.600"},null,{"$f":"ROUND(I150*H150,2)","v":{"v":0,"d":"0.00"}},null,null,"","znížená",null,{"$f":"O150*H150","v":{"v":0,"d":"0.00000"}},{"v":0.00522077,"d":"0.00522"},{"$f":"Q150*H150","v":{"v":0.112768632,"d":"0.11277"}},{"v":0,"d":"0.00000"},{"$f":"S150*H150","v":{"v":0,"d":"0.00000"}},{"$nulls":23},"4",null,"K","2",{"$nulls":3},"ROZPOCET",{"$nulls":5},{"$f":"IF(N150=\"základná\",J150,0)","v":{"v":0,"d":"0.00"}},{"$f":"IF(N150=\"znížená\",J150,0)","v":{"v":0,"d":"0.00"}},{"$f":"IF(N150=\"zákl. prenesená\",J150,0)","v":{"v":0,"d":"0.00"}},{"$f":"IF(N150=\"zníž. prenesená\",J150,0)","v":{"v":0,"d":"0.00"}},{"$f":"IF(N150=\"nulová\",J150,0)","v":{"v":0,"d":"0.00"}},"2",{"$f":"ROUND(I150*H150,2)","v":{"v":0,"d":"0.00"}},"4","1836170453"]
[null,null,"27","K","279351108.S","Debnenie základových múrov obojstranné odstránenie-tradičné","m2",{"v":21.6,"d":"21.600"},null,{"$f":"ROUND(I151*H151,2)","v":{"v":0,"d":"0.00"}},null,null,"","znížená",null,{"$f":"O151*H151","v":{"v":0,"d":"0.00000"}},{"v":0,"d":"0.00000"},{"$f":"Q151*H151","v":{"v":0,"d":"0.00000"}},{"v":0,"d":"0.00000"},{"$f":"S151*H151","v":{"v":0,"d":"0.00000"}},{"$nulls":23},"4",null,"K","2",{"$nulls":3},"ROZPOCET",{"$nulls":5},{"$f":"IF(N151=\"základná\",J151,0)","v":{"v":0,"d":"0.00"}},{"$f":"IF(N151=\"znížená\",J151,0)","v":{"v":0,"d":"0.00"}},{"$f":"IF(N151=\"zákl. prenesená\",J151,0)","v":{"v":0,"d":"0.00"}},{"$f":"IF(N151=\"zníž. prenesená\",J151,0)","v":{"v":0,"d":"0.00"}},{"$f":"IF(N151=\"nulová\",J151,0)","v":{"v":0,"d":"0.00"}},"2",{"$f":"ROUND(I151*H151,2)","v":{"v":0,"d":"0.00"}},"4","1855818122"]
[{"$nulls":3},"D","5","Komunikácie",{"$nulls":3},{"$f":"BK152","v":{"v":0,"d":"0.00"}},{"$nulls":5},{"$f":"SUM(P153:P156)","v":{"v":0,"d":"0.00000"}},null,{"$f":"SUM(R153:R156)","v":{"v":342.80693759999997,"d":"342.80694"}},null,{"$f":"SUM(T153:T156)","v":{"v":0,"d":"0.00000"}},{"$nulls":23},"1",null,"D","1",{"$nulls":3},"ROZPOCET",{"$nulls":11},{"$f":"SUM(BK153:BK156)","v":{"v":0,"d":"0.00"}}]
[null,null,"28","K","564730111.S","Podklad alebo kryt z kameniva hrubého drveného veľ. 8-16 mm s rozprestretím a zhutnením hr. 100 mm","m2",{"v":583.68,"d":"583.680"},null,{"$f":"ROUND(I153*H153,2)","v":{"v":0,"d":"0.00"}},null,null,"","znížená",null,{"$f":"O153*H153","v":{"v":0,"d":"0.00000"}},{"v":0.199,"d":"0.19900"},{"$f":"Q153*H153","v":{"v":116.15231999999999,"d":"116.15232"}},{"v":0,"d":"0.00000"},{"$f":"S153*H153","v":{"v":0,"d":"0.00000"}},{"$nulls":23},"4",null,"K","2",{"$nulls":3},"ROZPOCET",{"$nulls":5},{"$f":"IF(N153=\"základná\",J153,0)","v":{"v":0,"d":"0.00"}},{"$f":"IF(N153=\"znížená\",J153,0)","v":{"v":0,"d":"0.00"}},{"$f":"IF(N153=\"zákl. prenesená\",J153,0)","v":{"v":0,"d":"0.00"}},{"$f":"IF(N153=\"zníž. prenesená\",J153,0)","v":{"v":0,"d":"0.00"}},{"$f":"IF(N153=\"nulová\",J153,0)","v":{"v":0,"d":"0.00"}},"2",{"$f":"ROUND(I153*H153,2)","v":{"v":0,"d":"0.00"}},"4","-709024628"]
[null,null,"29","K","564761111.S","Podklad alebo kryt z kameniva hrubého drveného veľ. 32-63 mm s rozprestretím a zhutnením hr. 200 mm","m2",{"v":583.68,"d":"583.680"},null,{"$f":"ROUND(I154*H154,2)","v":{"v":0,"d":"0.00"}},null,null,"","znížená",null,{"$f":"O154*H154","v":{"v":0,"d":"0.00000"}},0.38625,{"$f":"Q154*H154","v":{"v":225.44639999999998,"d":"225.44640"}},{"v":0,"d":"0.00000"},{"$f":"S154*H154","v":{"v":0,"d":"0.00000"}},{"$nulls":23},"4",null,"K","2",{"$nulls":3},"ROZPOCET",{"$nulls":5},{"$f":"IF(N154=\"základná\",J154,0)","v":{"v":0,"d":"0.00"}},{"$f":"IF(N154=\"znížená\",J154,0)","v":{"v":0,"d":"0.00"}},{"$f":"IF(N154=\"zákl. prenesená\",J154,0)","v":{"v":0,"d":"0.00"}},{"$f":"IF(N154=\"zníž. prenesená\",J154,0)","v":{"v":0,"d":"0.00"}},{"$f":"IF(N154=\"nulová\",J154,0)","v":{"v":0,"d":"0.00"}},"2",{"$f":"ROUND(I154*H154,2)","v":{"v":0,"d":"0.00"}},"4","-1129588603"]
[null,null,"30","K","589100006.S","Položenie umelej trávy na viacúčelové povrchy vrátane čiarovania","m2",{"v":583.68,"d":"583.680"},null,{"$f":"ROUND(I155*H155,2)","v":{"v":0,"d":"0.00"}},null,null,"","znížená",null,{"$f":"O155*H155","v":{"v":0,"d":"0.00000"}},0.00027,{"$f":"Q155*H155","v":{"v":0.1575936,"d":"0.15759"}},{"v":0,"d":"0.00000"},{"$f":"S155*H155","v":{"v":0,"d":"0.00000"}},{"$nulls":23},"4",null,"K","2",{"$nulls":3},"ROZPOCET",{"$nulls":5},{"$f":"IF(N155=\"základná\",J155,0)","v":{"v":0,"d":"0.00"}},{"$f":"IF(N155=\"znížená\",J155,0)","v":{"v":0,"d":"0.00"}},{"$f":"IF(N155=\"zákl. prenesená\",J155,0)","v":{"v":0,"d":"0.00"}},{"$f":"IF(N155=\"zníž. prenesená\",J155,0)","v":{"v":0,"d":"0.00"}},{"$f":"IF(N155=\"nulová\",J155,0)","v":{"v":0,"d":"0.00"}},"2",{"$f":"ROUND(I155*H155,2)","v":{"v":0,"d":"0.00"}},"4","-144100399"]
[null,null,"31","M","284170005200.S","Umelá tráva viacúčelová,výška vlasu 20 mm ± 2 mm","m2",{"v":583.68,"d":"583.680"},null,{"$f":"ROUND(I156*H156,2)","v":{"v":0,"d":"0.00"}},null,null,"","znížená",null,{"$f":"O156*H156","v":{"v":0,"d":"0.00000"}},{"v":0.0018,"d":"0.00180"},{"$f":"Q156*H156","v":{"v":1.0506239999999998,"d":"1.05062"}},{"v":0,"d":"0.00000"},{"$f":"S156*H156","v":{"v":0,"d":"0.00000"}},{"$nulls":23},"8",null,"M","2",{"$nulls":3},"ROZPOCET",{"$nulls":5},{"$f":"IF(N156=\"základná\",J156,0)","v":{"v":0,"d":"0.00"}},{"$f":"IF(N156=\"znížená\",J156,0)","v":{"v":0,"d":"0.00"}},{"$f":"IF(N156=\"zákl. prenesená\",J156,0)","v":{"v":0,"d":"0.00"}},{"$f":"IF(N156=\"zníž. prenesená\",J156,0)","v":{"v":0,"d":"0.00"}},{"$f":"IF(N156=\"nulová\",J156,0)","v":{"v":0,"d":"0.00"}},"2",{"$f":"ROUND(I156*H156,2)","v":{"v":0,"d":"0.00"}},"4","-1494396476"]
[{"$nulls":3},"D","6","Úpravy povrchov, podlahy, osadenie",{"$nulls":3},{"$f":"BK157","v":{"v":0,"d":"0.00"}},{"$nulls":5},{"$f":"P158","v":{"v":0,"d":"0.00000"}},null,{"$f":"R158","v":{"v":32.165870000000005,"d":"32.16587"}},null,{"$f":"T158","v":{"v":0,"d":"0.00000"}},{"$nulls":23},"1",null,"D","1",{"$nulls":3},"ROZPOCET",{"$nulls":11},{"$f":"BK158","v":{"v":0,"d":"0.00"}}]
[null,null,"32","K","631571001.S","Násyp z kameniva ťaženého 0-4 (pre spevnenie podkladov)","m3",{"v":17.51,"d":"17.510"},null,{"$f":"ROUND(I158*H158,2)","v":{"v":0,"d":"0.00"}},null,null,"","znížená",null,{"$f":"O158*H158","v":{"v":0,"d":"0.00000"}},{"v":1.837,"d":"1.83700"},{"$f":"Q158*H158","v":{"v":32.165870000000005,"d":"32.16587"}},{"v":0,"d":"0.00000"},{"$f":"S158*H158","v":{"v":0,"d":"0.00000"}},{"$nulls":23},"4",null,"K","2",{"$nulls":3},"ROZPOCET",{"$nulls":5},{"$f":"IF(N158=\"základná\",J158,0)","v":{"v":0,"d":"0.00"}},{"$f":"IF(N158=\"znížená\",J158,0)","v":{"v":0,"d":"0.00"}},{"$f":"IF(N158=\"zákl. prenesená\",J158,0)","v":{"v":0,"d":"0.00"}},{"$f":"IF(N158=\"zníž. prenesená\",J158,0)","v":{"v":0,"d":"0.00"}},{"$f":"IF(N158=\"nulová\",J158,0)","v":{"v":0,"d":"0.00"}},"2",{"$f":"ROUND(I158*H158,2)","v":{"v":0,"d":"0.00"}},"4","-49837591"]
[{"$nulls":3},"D","9","Ostatné konštrukcie a práce-búranie",{"$nulls":3},{"$f":"BK159","v":{"v":0,"d":"0.00"}},{"$nulls":5},{"$f":"SUM(P160:P161)","v":{"v":0,"d":"0.00000"}},null,{"$f":"SUM(R160:R161)","v":0.03008},null,{"$f":"SUM(T160:T161)","v":{"v":0,"d":"0.00000"}},{"$nulls":23},"1",null,"D","1",{"$nulls":3},"ROZPOCET",{"$nulls":11},{"$f":"SUM(BK160:BK161)","v":{"v":0,"d":"0.00"}}]
[null,null,"33","K","953943122.S","Osadenie drobných kovových predmetov do betónu pred zabetónovaním, hmotnosti 1-5 kg/kus (bez dodávky)","ks",{"v":4,"d":"4.000"},null,{"$f":"ROUND(I160*H160,2)","v":{"v":0,"d":"0.00"}},null,null,"","znížená",null,{"$f":"O160*H160","v":{"v":0,"d":"0.00000"}},0.00015,{"$f":"Q160*H160","v":{"v":0.0006,"d":"0.00060"}},{"v":0,"d":"0.00000"},{"$f":"S160*H160","v":{"v":0,"d":"0.00000"}},{"$nulls":23},"4",null,"K","2",{"$nulls":3},"ROZPOCET",{"$nulls":5},{"$f":"IF(N160=\"základná\",J160,0)","v":{"v":0,"d":"0.00"}},{"$f":"IF(N160=\"znížená\",J160,0)","v":{"v":0,"d":"0.00"}},{"$f":"IF(N160=\"zákl. prenesená\",J160,0)","v":{"v":0,"d":"0.00"}},{"$f":"IF(N160=\"zníž. prenesená\",J160,0)","v":{"v":0,"d":"0.00"}},{"$f":"IF(N160=\"nulová\",J160,0)","v":{"v":0,"d":"0.00"}},"2",{"$f":"ROUND(I160*H160,2)","v":{"v":0,"d":"0.00"}},"4","-1381986508"]
[null,null,"34","M","196320002801.S","Púzdro pre osadenie volejbalových a tenisových stĺpikov","ks",{"v":4,"d":"4.000"},null,{"$f":"ROUND(I161*H161,2)","v":{"v":0,"d":"0.00"}},null,null,"","znížená",null,{"$f":"O161*H161","v":{"v":0,"d":"0.00000"}},0.00737,{"$f":"Q161*H161","v":0.02948},{"v":0,"d":"0.00000"},{"$f":"S161*H161","v":{"v":0,"d":"0.00000"}},{"$nulls":23},"8",null,"M","2",{"$nulls":3},"ROZPOCET",{"$nulls":5},{"$f":"IF(N161=\"základná\",J161,0)","v":{"v":0,"d":"0.00"}},{"$f":"IF(N161=\"znížená\",J161,0)","v":{"v":0,"d":"0.00"}},{"$f":"IF(N161=\"zákl. prenesená\",J161,0)","v":{"v":0,"d":"0.00"}},{"$f":"IF(N161=\"zníž. prenesená\",J161,0)","v":{"v":0,"d":"0.00"}},{"$f":"IF(N161=\"nulová\",J161,0)","v":{"v":0,"d":"0.00"}},"2",{"$f":"ROUND(I161*H161,2)","v":{"v":0,"d":"0.00"}},"4","2120034333"]
[{"$nulls":3},"D","99","Presun hmôt HSV",{"$nulls":3},{"$f":"BK162","v":{"v":0,"d":"0.00"}},{"$nulls":5},{"$f":"P163","v":{"v":0,"d":"0.00000"}},null,{"$f":"R163","v":{"v":0,"d":"0.00000"}},null,{"$f":"T163","v":{"v":0,"d":"0.00000"}},{"$nulls":23},"1",null,"D","1",{"$nulls":3},"ROZPOCET",{"$nulls":11},{"$f":"BK163","v":{"v":0,"d":"0.00"}}]
[null,null,"35","K","998222012.S","Presun hmôt na spevnených plochách s krytom z kameniva (8233, 8235) pre akékoľvek dľžky","t",{"v":464.9,"d":"464.900"},null,{"$f":"ROUND(I163*H163,2)","v":{"v":0,"d":"0.00"}},null,null,"","znížená",null,{"$f":"O163*H163","v":{"v":0,"d":"0.00000"}},{"v":0,"d":"0.00000"},{"$f":"Q163*H163","v":{"v":0,"d":"0.00000"}},{"v":0,"d":"0.00000"},{"$f":"S163*H163","v":{"v":0,"d":"0.00000"}},{"$nulls":23},"4",null,"K","2",{"$nulls":3},"ROZPOCET",{"$nulls":5},{"$f":"IF(N163=\"základná\",J163,0)","v":{"v":0,"d":"0.00"}},{"$f":"IF(N163=\"znížená\",J163,0)","v":{"v":0,"d":"0.00"}},{"$f":"IF(N163=\"zákl. prenesená\",J163,0)","v":{"v":0,"d":"0.00"}},{"$f":"IF(N163=\"zníž. prenesená\",J163,0)","v":{"v":0,"d":"0.00"}},{"$f":"IF(N163=\"nulová\",J163,0)","v":{"v":0,"d":"0.00"}},"2",{"$f":"ROUND(I163*H163,2)","v":{"v":0,"d":"0.00"}},"4","-1805943177"]
[{"$nulls":3},"D","PSV","Práce a dodávky PSV",{"$nulls":3},{"$f":"BK164","v":{"v":0,"d":"0.00"}},{"$nulls":5},{"$f":"P165","v":{"v":0,"d":"0.00000"}},null,{"$f":"R165","v":{"v":0.7954042700000001,"d":"0.79540"}},null,{"$f":"T165","v":{"v":0,"d":"0.00000"}},{"$nulls":23},"2",null,"D","0",{"$nulls":3},"ROZPOCET",{"$nulls":11},{"$f":"BK165","v":{"v":0,"d":"0.00"}}]
[{"$nulls":3},"D","767","Konštrukcie doplnkové kovové",{"$nulls":3},{"$f":"BK165","v":{"v":0,"d":"0.00"}},{"$nulls":5},{"$f":"SUM(P166:P189)","v":{"v":0,"d":"0.00000"}},null,{"$f":"SUM(R166:R189)","v":{"v":0.7954042700000001,"d":"0.79540"}},null,{"$f":"SUM(T166:T189)","v":{"v":0,"d":"0.00000"}},{"$nulls":23},"2",null,"D","1",{"$nulls":3},"ROZPOCET",{"$nulls":11},{"$f":"SUM(BK166:BK189)","v":{"v":0,"d":"0.00"}}]
[null,null,"36","K","767911120.S","Montáž oplotenia strojového pletiva, s výškou do 1,6 m","m",{"v":51,"d":"51.000"},null,{"$f":"ROUND(I166*H166,2)","v":{"v":0,"d":"0.00"}},null,null,"","znížená",null,{"$f":"O166*H166","v":{"v":0,"d":"0.00000"}},{"v":0,"d":"0.00000"},{"$f":"Q166*H166","v":{"v":0,"d":"0.00000"}},{"v":0,"d":"0.00000"},{"$f":"S166*H166","v":{"v":0,"d":"0.00000"}},{"$nulls":23},"16",null,"K","2",{"$nulls":3},"ROZPOCET",{"$nulls":5},{"$f":"IF(N166=\"základná\",J166,0)","v":{"v":0,"d":"0.00"}},{"$f":"IF(N166=\"znížená\",J166,0)","v":{"v":0,"d":"0.00"}},{"$f":"IF(N166=\"zákl. prenesená\",J166,0)","v":{"v":0,"d":"0.00"}},{"$f":"IF(N166=\"zníž. prenesená\",J166,0)","v":{"v":0,"d":"0.00"}},{"$f":"IF(N166=\"nulová\",J166,0)","v":{"v":0,"d":"0.00"}},"2",{"$f":"ROUND(I166*H166,2)","v":{"v":0,"d":"0.00"}},"16","-1486006903"]
[null,null,"37","M","313290003300.S","Pletivo extrudované na pozinkovanej oceli pletené štvorhranné, oko 50 mm, drôt d 2,4 mm, vxl 1x25 m, bez napínacieho drôtu","ks",{"v":2.04,"d":"2.040"},null,{"$f":"ROUND(I167*H167,2)","v":{"v":0,"d":"0.00"}},null,null,"","znížená",null,{"$f":"O167*H167","v":{"v":0,"d":"0.00000"}},{"v":0.017,"d":"0.01700"},{"$f":"Q167*H167","v":0.03468},{"v":0,"d":"0.00000"},{"$f":"S167*H167","v":{"v":0,"d":"0.00000"}},{"$nulls":23},"32",null,"M","2",{"$nulls":3},"ROZPOCET",{"$nulls":5},{"$f":"IF(N167=\"základná\",J167,0)","v":{"v":0,"d":"0.00"}},{"$f":"IF(N167=\"znížená\",J167,0)","v":{"v":0,"d":"0.00"}},{"$f":"IF(N167=\"zákl. prenesená\",J167,0)","v":{"v":0,"d":"0.00"}},{"$f":"IF(N167=\"zníž. prenesená\",J167,0)","v":{"v":0,"d":"0.00"}},{"$f":"IF(N167=\"nulová\",J167,0)","v":{"v":0,"d":"0.00"}},"2",{"$f":"ROUND(I167*H167,2)","v":{"v":0,"d":"0.00"}},"16","1591830470"]
[null,null,"38","K","767911130.S","Montáž oplotenia strojového pletiva, s výškou nad 1,6 m","m",{"v":108,"d":"108.000"},null,{"$f":"ROUND(I168*H168,2)","v":{"v":0,"d":"0.00"}},null,null,"","znížená",null,{"$f":"O168*H168","v":{"v":0,"d":"0.00000"}},{"v":0,"d":"0.00000"},{"$f":"Q168*H168","v":{"v":0,"d":"0.00000"}},{"v":0,"d":"0.00000"},{"$f":"S168*H168","v":{"v":0,"d":"0.00000"}},{"$nulls":23},"16",null,"K","2",{"$nulls":3},"ROZPOCET",{"$nulls":5},{"$f":"IF(N168=\"základná\",J168,0)","v":{"v":0,"d":"0.00"}},{"$f":"IF(N168=\"znížená\",J168,0)","v":{"v":0,"d":"0.00"}},{"$f":"IF(N168=\"zákl. prenesená\",J168,0)","v":{"v":0,"d":"0.00"}},{"$f":"IF(N168=\"zníž. prenesená\",J168,0)","v":{"v":0,"d":"0.00"}},{"$f":"IF(N168=\"nulová\",J168,0)","v":{"v":0,"d":"0.00"}},"2",{"$f":"ROUND(I168*H168,2)","v":{"v":0,"d":"0.00"}},"16","1256218744"]
[null,null,"39","M","313290003800.S","Pletivo extrudované na pozinkovanej oceli pletené štvorhranné, oko 50 mm, drôt d 2,4 mm, vxl 2,0x25 m, bez napínacieho drôtu","ks",{"v":4.32,"d":"4.320"},null,{"$f":"ROUND(I169*H169,2)","v":{"v":0,"d":"0.00"}},null,null,"","znížená",null,{"$f":"O169*H169","v":{"v":0,"d":"0.00000"}},{"v":0.034,"d":"0.03400"},{"$f":"Q169*H169","v":0.14688},{"v":0,"d":"0.00000"},{"$f":"S169*H169","v":{"v":0,"d":"0.00000"}},{"$nulls":23},"32",null,"M","2",{"$nulls":3},"ROZPOCET",{"$nulls":5},{"$f":"IF(N169=\"základná\",J169,0)","v":{"v":0,"d":"0.00"}},{"$f":"IF(N169=\"znížená\",J169,0)","v":{"v":0,"d":"0.00"}},{"$f":"IF(N169=\"zákl. prenesená\",J169,0)","v":{"v":0,"d":"0.00"}},{"$f":"IF(N169=\"zníž. prenesená\",J169,0)","v":{"v":0,"d":"0.00"}},{"$f":"IF(N169=\"nulová\",J169,0)","v":{"v":0,"d":"0.00"}},"2",{"$f":"ROUND(I169*H169,2)","v":{"v":0,"d":"0.00"}},"16","1153155030"]
[null,null,"40","K","767912130.S","Montáž napínacieho drôtu","m",{"v":375,"d":"375.000"},null,{"$f":"ROUND(I170*H170,2)","v":{"v":0,"d":"0.00"}},null,null,"","znížená",null,{"$f":"O170*H170","v":{"v":0,"d":"0.00000"}},{"v":0,"d":"0.00000"},{"$f":"Q170*H170","v":{"v":0,"d":"0.00000"}},{"v":0,"d":"0.00000"},{"$f":"S170*H170","v":{"v":0,"d":"0.00000"}},{"$nulls":23},"16",null,"K","2",{"$nulls":3},"ROZPOCET",{"$nulls":5},{"$f":"IF(N170=\"základná\",J170,0)","v":{"v":0,"d":"0.00"}},{"$f":"IF(N170=\"znížená\",J170,0)","v":{"v":0,"d":"0.00"}},{"$f":"IF(N170=\"zákl. prenesená\",J170,0)","v":{"v":0,"d":"0.00"}},{"$f":"IF(N170=\"zníž. prenesená\",J170,0)","v":{"v":0,"d":"0.00"}},{"$f":"IF(N170=\"nulová\",J170,0)","v":{"v":0,"d":"0.00"}},"2",{"$f":"ROUND(I170*H170,2)","v":{"v":0,"d":"0.00"}},"16","1447370799"]
[null,null,"41","M","156150000800.S","Drôt napínací poplastovaný D 3,7/100 m","ks",3.877,null,{"$f":"ROUND(I171*H171,2)","v":{"v":0,"d":"0.00"}},null,null,"","znížená",null,{"$f":"O171*H171","v":{"v":0,"d":"0.00000"}},{"v":0.0067,"d":"0.00670"},{"$f":"Q171*H171","v":{"v":0.0259759,"d":"0.02598"}},{"v":0,"d":"0.00000"},{"$f":"S171*H171","v":{"v":0,"d":"0.00000"}},{"$nulls":23},"32",null,"M","2",{"$nulls":3},"ROZPOCET",{"$nulls":5},{"$f":"IF(N171=\"základná\",J171,0)","v":{"v":0,"d":"0.00"}},{"$f":"IF(N171=\"znížená\",J171,0)","v":{"v":0,"d":"0.00"}},{"$f":"IF(N171=\"zákl. prenesená\",J171,0)","v":{"v":0,"d":"0.00"}},{"$f":"IF(N171=\"zníž. prenesená\",J171,0)","v":{"v":0,"d":"0.00"}},{"$f":"IF(N171=\"nulová\",J171,0)","v":{"v":0,"d":"0.00"}},"2",{"$f":"ROUND(I171*H171,2)","v":{"v":0,"d":"0.00"}},"16","1943887489"]
[null,null,"42","M","553510009300.S","Napinák PVC (biely, zelený) pre napínanie pletiva s napínacím drôtom","ks",{"v":15,"d":"15.000"},null,{"$f":"ROUND(I172*H172,2)","v":{"v":0,"d":"0.00"}},null,null,"","znížená",null,{"$f":"O172*H172","v":{"v":0,"d":"0.00000"}},0.00013,{"$f":"Q172*H172","v":0.00195},{"v":0,"d":"0.00000"},{"$f":"S172*H172","v":{"v":0,"d":"0.00000"}},{"$nulls":23},"32",null,"M","2",{"$nulls":3},"ROZPOCET",{"$nulls":5},{"$f":"IF(N172=\"základná\",J172,0)","v":{"v":0,"d":"0.00"}},{"$f":"IF(N172=\"znížená\",J172,0)","v":{"v":0,"d":"0.00"}},{"$f":"IF(N172=\"zákl. prenesená\",J172,0)","v":{"v":0,"d":"0.00"}},{"$f":"IF(N172=\"zníž. prenesená\",J172,0)","v":{"v":0,"d":"0.00"}},{"$f":"IF(N172=\"nulová\",J172,0)","v":{"v":0,"d":"0.00"}},"2",{"$f":"ROUND(I172*H172,2)","v":{"v":0,"d":"0.00"}},"16","44267281"]
[null,null,"43","K","767916550.S","Osadenie stĺpika oceľového plotového výšky do 2 m na oceľovú platňu","ks",{"v":21,"d":"21.000"},null,{"$f":"ROUND(I173*H173,2)","v":{"v":0,"d":"0.00"}},null,null,"","znížená",null,{"$f":"O173*H173","v":{"v":0,"d":"0.00000"}},{"v":0.00444537,"d":"0.00445"},{"$f":"Q173*H173","v":{"v":0.09335276999999999,"d":"0.09335"}},{"v":0,"d":"0.00000"},{"$f":"S173*H173","v":{"v":0,"d":"0.00000"}},{"$nulls":23},"16",null,"K","2",{"$nulls":3},"ROZPOCET",{"$nulls":5},{"$f":"IF(N173=\"základná\",J173,0)","v":{"v":0,"d":"0.00"}},{"$f":"IF(N173=\"znížená\",J173,0)","v":{"v":0,"d":"0.00"}},{"$f":"IF(N173=\"zákl. prenesená\",J173,0)","v":{"v":0,"d":"0.00"}},{"$f":"IF(N173=\"zníž. prenesená\",J173,0)","v":{"v":0,"d":"0.00"}},{"$f":"IF(N173=\"nulová\",J173,0)","v":{"v":0,"d":"0.00"}},"2",{"$f":"ROUND(I173*H173,2)","v":{"v":0,"d":"0.00"}},"16","1240447957"]
[null,null,"44","M","553510009830.S","Pätka stĺpika 48 mm plotová, pozinkovaná","ks",{"v":17,"d":"17.000"},null,{"$f":"ROUND(I174*H174,2)","v":{"v":0,"d":"0.00"}},null,null,"","znížená",null,{"$f":"O174*H174","v":{"v":0,"d":"0.00000"}},0.00101,{"$f":"Q174*H174","v":0.01717},{"v":0,"d":"0.00000"},{"$f":"S174*H174","v":{"v":0,"d":"0.00000"}},{"$nulls":23},"32",null,"M","2",{"$nulls":3},"ROZPOCET",{"$nulls":5},{"$f":"IF(N174=\"základná\",J174,0)","v":{"v":0,"d":"0.00"}},{"$f":"IF(N174=\"znížená\",J174,0)","v":{"v":0,"d":"0.00"}},{"$f":"IF(N174=\"zákl. prenesená\",J174,0)","v":{"v":0,"d":"0.00"}},{"$f":"IF(N174=\"zníž. prenesená\",J174,0)","v":{"v":0,"d":"0.00"}},{"$f":"IF(N174=\"nulová\",J174,0)","v":{"v":0,"d":"0.00"}},"2",{"$f":"ROUND(I174*H174,2)","v":{"v":0,"d":"0.00"}},"16","-1946751801"]
[null,null,"45","M","553510022100.S","Stĺpik, d 48 mm, výška 2 m, výška pletiva 1,5 m, pozinkovaný s PVC čiapkou, pre pletivo v rolkách","ks",{"v":21,"d":"21.000"},null,{"$f":"ROUND(I175*H175,2)","v":{"v":0,"d":"0.00"}},null,null,"","znížená",null,{"$f":"O175*H175","v":{"v":0,"d":"0.00000"}},{"v":0.0028,"d":"0.00280"},{"$f":"Q175*H175","v":{"v":0.0588,"d":"0.05880"}},{"v":0,"d":"0.00000"},{"$f":"S175*H175","v":{"v":0,"d":"0.00000"}},{"$nulls":23},"32",null,"M","2",{"$nulls":3},"ROZPOCET",{"$nulls":5},{"$f":"IF(N175=\"základná\",J175,0)","v":{"v":0,"d":"0.00"}},{"$f":"IF(N175=\"znížená\",J175,0)","v":{"v":0,"d":"0.00"}},{"$f":"IF(N175=\"zákl. prenesená\",J175,0)","v":{"v":0,"d":"0.00"}},{"$f":"IF(N175=\"zníž. prenesená\",J175,0)","v":{"v":0,"d":"0.00"}},{"$f":"IF(N175=\"nulová\",J175,0)","v":{"v":0,"d":"0.00"}},"2",{"$f":"ROUND(I175*H175,2)","v":{"v":0,"d":"0.00"}},"16","-174929388"]
[null,null,"46","K","767916560.S","Osadenie stĺpika oceľového plotového výšky nad 2 m na oceľovú platňu","ks",{"v":24,"d":"24.000"},null,{"$f":"ROUND(I176*H176,2)","v":{"v":0,"d":"0.00"}},null,null,"","znížená",null,{"$f":"O176*H176","v":{"v":0,"d":"0.00000"}},{"v":0.00445777,"d":"0.00446"},{"$f":"Q176*H176","v":{"v":0.10698648,"d":"0.10699"}},{"v":0,"d":"0.00000"},{"$f":"S176*H176","v":{"v":0,"d":"0.00000"}},{"$nulls":23},"16",null,"K","2",{"$nulls":3},"ROZPOCET",{"$nulls":5},{"$f":"IF(N176=\"základná\",J176,0)","v":{"v":0,"d":"0.00"}},{"$f":"IF(N176=\"znížená\",J176,0)","v":{"v":0,"d":"0.00"}},{"$f":"IF(N176=\"zákl. prenesená\",J176,0)","v":{"v":0,"d":"0.00"}},{"$f":"IF(N176=\"zníž. prenesená\",J176,0)","v":{"v":0,"d":"0.00"}},{"$f":"IF(N176=\"nulová\",J176,0)","v":{"v":0,"d":"0.00"}},"2",{"$f":"ROUND(I176*H176,2)","v":{"v":0,"d":"0.00"}},"16","1976663881"]
[null,null,"47","M","553510009830.S","Pätka stĺpika 48 mm plotová, pozinkovaná","ks",{"v":24,"d":"24.000"},null,{"$f":"ROUND(I177*H177,2)","v":{"v":0,"d":"0.00"}},null,null,"","znížená",null,{"$f":"O177*H177","v":{"v":0,"d":"0.00000"}},0.00101,{"$f":"Q177*H177","v":0.02424},{"v":0,"d":"0.00000"},{"$f":"S177*H177","v":{"v":0,"d":"0.00000"}},{"$nulls":23},"32",null,"M","2",{"$nulls":3},"ROZPOCET",{"$nulls":5},{"$f":"IF(N177=\"základná\",J177,0)","v":{"v":0,"d":"0.00"}},{"$f":"IF(N177=\"znížená\",J177,0)","v":{"v":0,"d":"0.00"}},{"$f":"IF(N177=\"zákl. prenesená\",J177,0)","v":{"v":0,"d":"0.00"}},{"$f":"IF(N177=\"zníž. prenesená\",J177,0)","v":{"v":0,"d":"0.00"}},{"$f":"IF(N177=\"nulová\",J177,0)","v":{"v":0,"d":"0.00"}},"2",{"$f":"ROUND(I177*H177,2)","v":{"v":0,"d":"0.00"}},"16","401366888"]
[null,null,"48","M","553510022200.S","Stĺpik, d 48 mm, výška 3 m, výška pletiva 2 m, pozinkovaný s PVC čiapkou, pre pletivo v rolkách","ks",{"v":24,"d":"24.000"},null,{"$f":"ROUND(I178*H178,2)","v":{"v":0,"d":"0.00"}},null,null,"","znížená",null,{"$f":"O178*H178","v":{"v":0,"d":"0.00000"}},{"v":0.0035,"d":"0.00350"},{"$f":"Q178*H178","v":{"v":0.084,"d":"0.08400"}},{"v":0,"d":"0.00000"},{"$f":"S178*H178","v":{"v":0,"d":"0.00000"}},{"$nulls":23},"32",null,"M","2",{"$nulls":3},"ROZPOCET",{"$nulls":5},{"$f":"IF(N178=\"základná\",J178,0)","v":{"v":0,"d":"0.00"}},{"$f":"IF(N178=\"znížená\",J178,0)","v":{"v":0,"d":"0.00"}},{"$f":"IF(N178=\"zákl. prenesená\",J178,0)","v":{"v":0,"d":"0.00"}},{"$f":"IF(N178=\"zníž. prenesená\",J178,0)","v":{"v":0,"d":"0.00"}},{"$f":"IF(N178=\"nulová\",J178,0)","v":{"v":0,"d":"0.00"}},"2",{"$f":"ROUND(I178*H178,2)","v":{"v":0,"d":"0.00"}},"16","-1468038609"]
[null,null,"49","K","767916590.S","Osadenie vzpery oceľovej plotovej na oceľovú platňu","ks",{"v":16,"d":"16.000"},null,{"$f":"ROUND(I179*H179,2)","v":{"v":0,"d":"0.00"}},null,null,"","znížená",null,{"$f":"O179*H179","v":{"v":0,"d":"0.00000"}},{"v":0.00440057,"d":"0.00440"},{"$f":"Q179*H179","v":{"v":0.07040912,"d":"0.07041"}},{"v":0,"d":"0.00000"},{"$f":"S179*H179","v":{"v":0,"d":"0.00000"}},{"$nulls":23},"16",null,"K","2",{"$nulls":3},"ROZPOCET",{"$nulls":5},{"$f":"IF(N179=\"základná\",J179,0)","v":{"v":0,"d":"0.00"}},{"$f":"IF(N179=\"znížená\",J179,0)","v":{"v":0,"d":"0.00"}},{"$f":"IF(N179=\"zákl. prenesená\",J179,0)","v":{"v":0,"d":"0.00"}},{"$f":"IF(N179=\"zníž. prenesená\",J179,0)","v":{"v":0,"d":"0.00"}},{"$f":"IF(N179=\"nulová\",J179,0)","v":{"v":0,"d":"0.00"}},"2",{"$f":"ROUND(I179*H179,2)","v":{"v":0,"d":"0.00"}},"16","-1279197403"]
[null,null,"50","M","553510009840.S","Pätka vzpery 38 mm plotová, pozinkovaná","ks",{"v":16,"d":"16.000"},null,{"$f":"ROUND(I180*H180,2)","v":{"v":0,"d":"0.00"}},null,null,"","znížená",null,{"$f":"O180*H180","v":{"v":0,"d":"0.00000"}},{"v":0.0003,"d":"0.00030"},{"$f":"Q180*H180","v":{"v":0.0048,"d":"0.00480"}},{"v":0,"d":"0.00000"},{"$f":"S180*H180","v":{"v":0,"d":"0.00000"}},{"$nulls":23},"32",null,"M","2",{"$nulls":3},"ROZPOCET",{"$nulls":5},{"$f":"IF(N180=\"základná\",J180,0)","v":{"v":0,"d":"0.00"}},{"$f":"IF(N180=\"znížená\",J180,0)","v":{"v":0,"d":"0.00"}},{"$f":"IF(N180=\"zákl. prenesená\",J180,0)","v":{"v":0,"d":"0.00"}},{"$f":"IF(N180=\"zníž. prenesená\",J180,0)","v":{"v":0,"d":"0.00"}},{"$f":"IF(N180=\"nulová\",J180,0)","v":{"v":0,"d":"0.00"}},"2",{"$f":"ROUND(I180*H180,2)","v":{"v":0,"d":"0.00"}},"16","-1702962660"]
[null,null,"51","M","553510023200.S","Vzpera, d 38 mm, výška 2 m, výška pletiva 1,5 m, poplastovaná, pre pletivo v rolkách","ks",{"v":4,"d":"4.000"},null,{"$f":"ROUND(I181*H181,2)","v":{"v":0,"d":"0.00"}},null,null,"","znížená",null,{"$f":"O181*H181","v":{"v":0,"d":"0.00000"}},{"v":0.0023,"d":"0.00230"},{"$f":"Q181*H181","v":{"v":0.0092,"d":"0.00920"}},{"v":0,"d":"0.00000"},{"$f":"S181*H181","v":{"v":0,"d":"0.00000"}},{"$nulls":23},"32",null,"M","2",{"$nulls":3},"ROZPOCET",{"$nulls":5},{"$f":"IF(N181=\"základná\",J181,0)","v":{"v":0,"d":"0.00"}},{"$f":"IF(N181=\"znížená\",J181,0)","v":{"v":0,"d":"0.00"}},{"$f":"IF(N181=\"zákl. prenesená\",J181,0)","v":{"v":0,"d":"0.00"}},{"$f":"IF(N181=\"zníž. prenesená\",J181,0)","v":{"v":0,"d":"0.00"}},{"$f":"IF(N181=\"nulová\",J181,0)","v":{"v":0,"d":"0.00"}},"2",{"$f":"ROUND(I181*H181,2)","v":{"v":0,"d":"0.00"}},"16","641800445"]
[null,null,"52","M","553510023300.S","Vzpera, d 38 mm, výška 3 m, výška pletiva 2 m, poplastovaná, pre pletivo v rolkách","ks",{"v":12,"d":"12.000"},null,{"$f":"ROUND(I182*H182,2)","v":{"v":0,"d":"0.00"}},null,null,"","znížená",null,{"$f":"O182*H182","v":{"v":0,"d":"0.00000"}},{"v":0.0028,"d":"0.00280"},{"$f":"Q182*H182","v":{"v":0.0336,"d":"0.03360"}},{"v":0,"d":"0.00000"},{"$f":"S182*H182","v":{"v":0,"d":"0.00000"}},{"$nulls":23},"32",null,"M","2",{"$nulls":3},"ROZPOCET",{"$nulls":5},{"$f":"IF(N182=\"základná\",J182,0)","v":{"v":0,"d":"0.00"}},{"$f":"IF(N182=\"znížená\",J182,0)","v":{"v":0,"d":"0.00"}},{"$f":"IF(N182=\"zákl. prenesená\",J182,0)","v":{"v":0,"d":"0.00"}},{"$f":"IF(N182=\"zníž. prenesená\",J182,0)","v":{"v":0,"d":"0.00"}},{"$f":"IF(N182=\"nulová\",J182,0)","v":{"v":0,"d":"0.00"}},"2",{"$f":"ROUND(I182*H182,2)","v":{"v":0,"d":"0.00"}},"16","713050610"]
[null,null,"53","K","767920210.S","Montáž vrát a vrátok k oploteniu osadzovaných na stĺpiky oceľové, s plochou jednotlivo do 2 m2","ks",{"v":2,"d":"2.000"},null,{"$f":"ROUND(I183*H183,2)","v":{"v":0,"d":"0.00"}},null,null,"","znížená",null,{"$f":"O183*H183","v":{"v":0,"d":"0.00000"}},{"v":0,"d":"0.00000"},{"$f":"Q183*H183","v":{"v":0,"d":"0.00000"}},{"v":0,"d":"0.00000"},{"$f":"S183*H183","v":{"v":0,"d":"0.00000"}},{"$nulls":23},"16",null,"K","2",{"$nulls":3},"ROZPOCET",{"$nulls":5},{"$f":"IF(N183=\"základná\",J183,0)","v":{"v":0,"d":"0.00"}},{"$f":"IF(N183=\"znížená\",J183,0)","v":{"v":0,"d":"0.00"}},{"$f":"IF(N183=\"zákl. prenesená\",J183,0)","v":{"v":0,"d":"0.00"}},{"$f":"IF(N183=\"zníž. prenesená\",J183,0)","v":{"v":0,"d":"0.00"}},{"$f":"IF(N183=\"nulová\",J183,0)","v":{"v":0,"d":"0.00"}},"2",{"$f":"ROUND(I183*H183,2)","v":{"v":0,"d":"0.00"}},"16","123703256"]
[null,null,"54","M","553510010400.S","Bránka jednokrídlová, šxv 0,8-0,9x2,05 m, úprava ZN+PVC, výplň  sieť 50x50 mm","ks",{"v":2,"d":"2.000"},null,{"$f":"ROUND(I184*H184,2)","v":{"v":0,"d":"0.00"}},null,null,"","znížená",null,{"$f":"O184*H184","v":{"v":0,"d":"0.00000"}},0.04168,{"$f":"Q184*H184","v":0.08336},{"v":0,"d":"0.00000"},{"$f":"S184*H184","v":{"v":0,"d":"0.00000"}},{"$nulls":23},"32",null,"M","2",{"$nulls":3},"ROZPOCET",{"$nulls":5},{"$f":"IF(N184=\"základná\",J184,0)","v":{"v":0,"d":"0.00"}},{"$f":"IF(N184=\"znížená\",J184,0)","v":{"v":0,"d":"0.00"}},{"$f":"IF(N184=\"zákl. prenesená\",J184,0)","v":{"v":0,"d":"0.00"}},{"$f":"IF(N184=\"zníž. prenesená\",J184,0)","v":{"v":0,"d":"0.00"}},{"$f":"IF(N184=\"nulová\",J184,0)","v":{"v":0,"d":"0.00"}},"2",{"$f":"ROUND(I184*H184,2)","v":{"v":0,"d":"0.00"}},"16","161107056"]
[null,null,"55","K","pc basketbal","Dodávka a montáž stacinárnej basketbalovej konštrukcie vrátane dosky 105x180 a koša so sieťkou do exteriéru","ks",{"v":2,"d":"2.000"},null,{"$f":"ROUND(I185*H185,2)","v":{"v":0,"d":"0.00"}},null,null,"","znížená",null,{"$f":"O185*H185","v":{"v":0,"d":"0.00000"}},{"v":0,"d":"0.00000"},{"$f":"Q185*H185","v":{"v":0,"d":"0.00000"}},{"v":0,"d":"0.00000"},{"$f":"S185*H185","v":{"v":0,"d":"0.00000"}},{"$nulls":23},"16",null,"K","2",{"$nulls":3},"ROZPOCET",{"$nulls":5},{"$f":"IF(N185=\"základná\",J185,0)","v":{"v":0,"d":"0.00"}},{"$f":"IF(N185=\"znížená\",J185,0)","v":{"v":0,"d":"0.00"}},{"$f":"IF(N185=\"zákl. prenesená\",J185,0)","v":{"v":0,"d":"0.00"}},{"$f":"IF(N185=\"zníž. prenesená\",J185,0)","v":{"v":0,"d":"0.00"}},{"$f":"IF(N185=\"nulová\",J185,0)","v":{"v":0,"d":"0.00"}},"2",{"$f":"ROUND(I185*H185,2)","v":{"v":0,"d":"0.00"}},"16","786419228"]
[null,null,"56","K","pc brána","Dodávka a montáž futbalovej bránky vrátane siete 3,2x2,1x1,5 (3,0x2,0x1,5)","ks",{"v":2,"d":"2.000"},null,{"$f":"ROUND(I186*H186,2)","v":{"v":0,"d":"0.00"}},null,null,"","znížená",null,{"$f":"O186*H186","v":{"v":0,"d":"0.00000"}},{"v":0,"d":"0.00000"},{"$f":"Q186*H186","v":{"v":0,"d":"0.00000"}},{"v":0,"d":"0.00000"},{"$f":"S186*H186","v":{"v":0,"d":"0.00000"}},{"$nulls":23},"16",null,"K","2",{"$nulls":3},"ROZPOCET",{"$nulls":5},{"$f":"IF(N186=\"základná\",J186,0)","v":{"v":0,"d":"0.00"}},{"$f":"IF(N186=\"znížená\",J186,0)","v":{"v":0,"d":"0.00"}},{"$f":"IF(N186=\"zákl. prenesená\",J186,0)","v":{"v":0,"d":"0.00"}},{"$f":"IF(N186=\"zníž. prenesená\",J186,0)","v":{"v":0,"d":"0.00"}},{"$f":"IF(N186=\"nulová\",J186,0)","v":{"v":0,"d":"0.00"}},"2",{"$f":"ROUND(I186*H186,2)","v":{"v":0,"d":"0.00"}},"16","-298700984"]
[null,null,"57","K","pc tenis","Dodávka hliníkových tenisových stĺpikov vrátane siete","súb",{"v":1,"d":"1.000"},null,{"$f":"ROUND(I187*H187,2)","v":{"v":0,"d":"0.00"}},null,null,"","znížená",null,{"$f":"O187*H187","v":{"v":0,"d":"0.00000"}},{"v":0,"d":"0.00000"},{"$f":"Q187*H187","v":{"v":0,"d":"0.00000"}},{"v":0,"d":"0.00000"},{"$f":"S187*H187","v":{"v":0,"d":"0.00000"}},{"$nulls":23},"16",null,"K","2",{"$nulls":3},"ROZPOCET",{"$nulls":5},{"$f":"IF(N187=\"základná\",J187,0)","v":{"v":0,"d":"0.00"}},{"$f":"IF(N187=\"znížená\",J187,0)","v":{"v":0,"d":"0.00"}},{"$f":"IF(N187=\"zákl. prenesená\",J187,0)","v":{"v":0,"d":"0.00"}},{"$f":"IF(N187=\"zníž. prenesená\",J187,0)","v":{"v":0,"d":"0.00"}},{"$f":"IF(N187=\"nulová\",J187,0)","v":{"v":0,"d":"0.00"}},"2",{"$f":"ROUND(I187*H187,2)","v":{"v":0,"d":"0.00"}},"16","1477429437"]
[null,null,"58","K","pc volejbal","Dodávka volejbalových hliníkových stĺpikov vrátane siete","súb",{"v":1,"d":"1.000"},null,{"$f":"ROUND(I188*H188,2)","v":{"v":0,"d":"0.00"}},null,null,"","znížená",null,{"$f":"O188*H188","v":{"v":0,"d":"0.00000"}},{"v":0,"d":"0.00000"},{"$f":"Q188*H188","v":{"v":0,"d":"0.00000"}},{"v":0,"d":"0.00000"},{"$f":"S188*H188","v":{"v":0,"d":"0.00000"}},{"$nulls":23},"16",null,"K","2",{"$nulls":3},"ROZPOCET",{"$nulls":5},{"$f":"IF(N188=\"základná\",J188,0)","v":{"v":0,"d":"0.00"}},{"$f":"IF(N188=\"znížená\",J188,0)","v":{"v":0,"d":"0.00"}},{"$f":"IF(N188=\"zákl. prenesená\",J188,0)","v":{"v":0,"d":"0.00"}},{"$f":"IF(N188=\"zníž. prenesená\",J188,0)","v":{"v":0,"d":"0.00"}},{"$f":"IF(N188=\"nulová\",J188,0)","v":{"v":0,"d":"0.00"}},"2",{"$f":"ROUND(I188*H188,2)","v":{"v":0,"d":"0.00"}},"16","-2112218399"]
[null,null,"59","K","998767101.S","Presun hmôt pre kovové stavebné doplnkové konštrukcie v objektoch výšky do 6 m","t",0.795,null,{"$f":"ROUND(I189*H189,2)","v":{"v":0,"d":"0.00"}},null,null,"","znížená",null,{"$f":"O189*H189","v":{"v":0,"d":"0.00000"}},{"v":0,"d":"0.00000"},{"$f":"Q189*H189","v":{"v":0,"d":"0.00000"}},{"v":0,"d":"0.00000"},{"$f":"S189*H189","v":{"v":0,"d":"0.00000"}},{"$nulls":23},"16",null,"K","2",{"$nulls":3},"ROZPOCET",{"$nulls":5},{"$f":"IF(N189=\"základná\",J189,0)","v":{"v":0,"d":"0.00"}},{"$f":"IF(N189=\"znížená\",J189,0)","v":{"v":0,"d":"0.00"}},{"$f":"IF(N189=\"zákl. prenesená\",J189,0)","v":{"v":0,"d":"0.00"}},{"$f":"IF(N189=\"zníž. prenesená\",J189,0)","v":{"v":0,"d":"0.00"}},{"$f":"IF(N189=\"nulová\",J189,0)","v":{"v":0,"d":"0.00"}},"2",{"$f":"ROUND(I189*H189,2)","v":{"v":0,"d":"0.00"}},"16","-2006401826"]